改称後の駅名 - Statistics

General Stats
  • This quiz has been taken 81 times
  • The average score is 9 of 50
Answer Stats
駅名(改称前) 駅名(改称後) 事業者 改称年 % Correct
堺東 高野鉄道 1900
100%
真狩 狩太 北海道鉄道 1905
100%
四ツ街道 四街道 逓信省帝国鉄道庁 1907
100%
刈田 苅田 豊州鉄道 1907
100%
浜寺 浜寺公園 南海鉄道 1907
100%
大間々町 大間々 足尾鉄道 1912
100%
小山 駿河 鉄道院 1912
100%
桃山 丹波橋 京阪電気鉄道 1913
100%
烏森 新橋 鉄道院 1914
100%
新城 津軽新城 鉄道院 1915
100%
南松本 松本 信濃鉄道 1916
100%
上北沢 北沢 京王電気軌道 1917
100%
若松 会津若松 鉄道院 1917
100%
荻原 三河荻原 西尾鉄道 1918
100%
新八幡 近江八幡 近江鉄道 1919
100%
琴浦 稗田 下津井軽便鉄道 1920
100%
中央小樽 小樽 鉄道省 1920
100%
小樽 南小樽 鉄道省 1920
100%
助信 遠州助信 遠州電気鉄道 1921
100%
下強羅 強羅 小田原電気鉄道 1922
100%
大阪天王寺 大阪阿部野橋 大阪鉄道 1923
100%
目黒不動前 不動前 目黒蒲田電鉄 1923
100%
大師 川崎大師 京浜電気鉄道 1925
100%
野々市 西金沢 鉄道省 1925
100%
上強羅 早雲山 小田原電気鉄道 1926
100%
堀之内 堀之内駅前 堀之内軌道運輸 1926
100%
調布 田園調布 目黒蒲田電鉄 1926
100%
豊橋駅前 新豊橋 渥美電鉄 1927
100%
市場 鶴見市場 京浜電気鉄道 1927
100%
刈谷新 刈谷 三河鉄道 1927
100%
松山 松山市 伊予鉄道電気 1927
100%
武駅前 西鹿児島駅前 鹿児島市電気局 1928
100%
烏山 千歳烏山 京王電気軌道 1929
100%
高徳 新高徳 下野電気鉄道 1929
100%
乙部 津海岸 伊勢電気鉄道 1930
100%
鶴巻 鶴巻温泉 小田原急行鉄道 1930
100%
矢口 矢口渡 目黒蒲田電鉄 1930
100%
高砂 京成高砂 京成電気軌道 1931
100%
中山 京成中山 京成電気軌道 1931
100%
大和田 京成大和田 京成電気軌道 1931
100%
佐倉 京成佐倉 京成電気軌道 1931
100%
曳舟 京成曳舟 京成電気軌道 1931
100%
森小路 森小路千林 京阪電気鉄道 1931
100%
雪ヶ谷 雪ヶ谷大塚 池上電気鉄道 1933
100%
江尻 清水 鉄道省 1934
100%
竹沢 東武竹沢 東武鉄道 1934
100%
新笠松 笠松 名古屋鉄道 1936
100%
神戸 上筒井 阪神急行電鉄 1936
100%
八木 中八木 広浜鉄道 1936
100%
膳所 膳所本町 京阪電気鉄道 1937
100%
八橋浜 八橋 鉄道省 1938
100%
愛電築港 名電築港 名古屋鉄道 1938
100%
井出福士 井出 富士身延鉄道 1938
100%
甲府南口 南甲府 富士身延鉄道 1938
100%
銀水 九鉄銀水 九州鉄道 1939
100%
関急名古屋 参急名古屋 関西急行電鉄 1940
100%
川越 本川越 西武鉄道 1940
100%
国分 河内国分 大阪電気軌道 1941
100%
大軌高田 大和高田 大阪電気軌道 1941
100%
相模原 小田急相模原 小田急電鉄 1941
100%
東林間都市 東林間 小田急電鉄 1941
100%
参急上津 伊賀上津 参宮急行電鉄 1941
100%
阪和貝塚 東貝塚 南海鉄道 1941
100%
村山貯水池際 村山 武蔵野鉄道 1941
100%
九鉄久留米 西鉄久留米 九州電気軌道 1942
100%
九鉄渡瀬 西鉄渡瀬 九州電気軌道 1942
100%
琴平 琴電琴平 琴平電鉄 1942
100%
中山鬼越 鬼越 京成電気軌道 1943
100%
高槻町 高槻市 京阪電気鉄道 1943
100%
鳳来寺口 本長篠 鳳来寺鉄道 1943
100%
多賀城前 陸前山王 運輸通信省 1944
100%
関急八田 近畿日本八田 関西急行鉄道 1944
100%
関急御所 近畿日本御所 関西急行鉄道 1944
100%
二子読売園 二子玉川 東京急行電鉄 1944
100%
鶴巻温泉 鶴巻 東京急行電鉄 1944
100%
南海鶴ケ丘 鶴ケ丘 南海鉄道 1944
100%
砂川園 和泉砂川 南海鉄道 1944
100%
松島公園 松島海岸 宮城電気鉄道 1944
100%
浅草雷門 浅草 東武鉄道 1945
100%
三ツ屋 吊橋 北陸鉄道 1946
100%
鵜方口 志摩横山 三重交通 1946
100%
本田名部 田名部 運輸省 1948
100%
高田町 高田市 近畿日本鉄道 1948
100%
市川国府台 国府台 京成電鉄 1948
100%
茨木町 茨木市 京阪神急行電鉄 1948
100%
西清洲 新清洲 名古屋鉄道 1948
100%
築港 大阪港 大阪市交通局 1949
100%
知多白沢 白沢 名古屋鉄道 1949
100%
犬山橋 犬山遊園 名古屋鉄道 1949
100%
越中岩瀬 東岩瀬 富山地方鉄道 1950
100%
河内半田 狭山遊園前 南海電気鉄道 1950
100%
新宮港 西鉄新宮 西日本鉄道 1950
100%
第二農場前 農場前 三菱鉱業 1950
100%
宗吾 宗吾参道 京成電鉄 1951
100%
寝屋川 寝屋川市 京阪電気鉄道 1951
100%
城岡 北長岡 日本国有鉄道 1951
100%
都立高校 都立大学 東京急行電鉄 1952
100%
鳥海 南鳥海 日本国有鉄道 1952
100%
旭町 新浜松 遠州鉄道 1953
100%
上野公園 京成上野 京成電鉄 1953
100%
膳所駅前 京阪膳所 京阪電気鉄道 1953
100%
熊渡 東下条 日本国有鉄道 1953
100%
南幌向 南幌 夕張鉄道 1953
100%
有馬温泉口 有馬口 神戸電気鉄道 1954
100%
築港 高松築港 高松琴平電気鉄道 1954
100%
武州松山 東松山 東武鉄道 1954
100%
新美濃町 美濃 名古屋鉄道 1954
100%
鷲ノ宮 鷲宮 東武鉄道 1955
100%
味野 児島 下津井鉄道 1956
100%
下津井東 東下津井 下津井鉄道 1956
100%
越ヶ谷 越谷 東武鉄道 1956
100%
郊外バス前 立町 広島電鉄 1957
100%
登戸多摩川 登戸 小田急電鉄 1958
100%
白梅町 北野白梅町 京福電気鉄道 1958
100%
挙母 豊田市 名古屋鉄道 1959
100%
伊予大井 大西 日本国有鉄道 1959
100%
島原湊 南島原 島原鉄道 1960
100%
湯田 湯田温泉 日本国有鉄道 1961
100%
電車五日市 広電五日市 広島電鉄 1961
100%
電車廿日市 広電廿日市 広島電鉄 1961
100%
本塩竈 本塩釜 日本国有鉄道 1963
100%
近畿日本生駒 生駒 近畿日本鉄道 1964
100%
大沼 大沼公園 日本国有鉄道 1964
100%
西宇部 宇部 日本国有鉄道 1964
100%
天理市 天理 日本国有鉄道 1965
100%
川西 川西能勢口 能勢電気軌道 1965
100%
能勢妙見口 妙見口 能勢電気軌道 1965
100%
遠州市場 自動車学校前 遠州鉄道 1966
100%
溝ノ口 溝の口 東京急行電鉄 1966
100%
鵜ノ木 鵜の木 東京急行電鉄 1966
100%
伏見通 広小路伏見 名古屋市交通局 1966
100%
高石町 高石 南海電気鉄道 1966
100%
石見益田 益田 日本国有鉄道 1966
100%
近畿日本奈良 近鉄奈良 近畿日本鉄道 1970
100%
近畿日本下田 近鉄下田 近畿日本鉄道 1970
100%
近畿日本富田 近鉄富田 近畿日本鉄道 1970
100%
近畿日本四日市 近鉄四日市 近畿日本鉄道 1970
100%
近畿日本御所 近鉄御所 近畿日本鉄道 1970
100%
西鉄栄町 新栄町 西日本鉄道 1970
100%
石見江津 江津 日本国有鉄道 1970
100%
宇奈月 宇奈月温泉 富山地方鉄道 1971
100%
芦原 芦原湯町 京福電気鉄道 1972
100%
鈴鹿 河曲 日本国有鉄道 1973
100%
新原町田 町田 小田急電鉄 1976
100%
葛塚 豊栄 日本国有鉄道 1976
100%
原町田 町田 日本国有鉄道 1980
100%
和倉 和倉温泉 日本国有鉄道 1980
100%
ハイランド 富士急ハイランド 富士急行 1981
100%
羽島 羽島市役所前 名古屋鉄道 1982
100%
羽後矢島 矢島 日本国有鉄道 1985
100%
函館ドック前 函館どつく前 函館市交通局 1985
100%
弘南川部 川部 弘南鉄道 1986
100%
美濃下川 大矢 日本国有鉄道 1986
100%
センター競馬場前 船橋競馬場 京成電鉄 1987
100%
京浜久里浜 京急久里浜 京浜急行電鉄 1987
100%
石勝高原 トマム 日本国有鉄道 1987
100%
京浜川崎 京急川崎 京浜急行電鉄 1988
100%
電鉄横山 横山 神戸電気鉄道 1988
100%
電鉄市場 市場 神戸電気鉄道 1988
100%
能登小浦 小浦 西日本旅客鉄道 1988
100%
能登鵜飼 鵜飼 西日本旅客鉄道 1988
100%
面白山 面白山高原 東日本旅客鉄道 1988
100%
平戸口 たびら平戸口 松浦鉄道 1989
100%
京町 京町温泉 九州旅客鉄道 1990
100%
道場川原 神鉄道場 神戸電鉄 1990
100%
弟子屈 摩周 北海道旅客鉄道 1990
100%
成田空港 東成田 京成電鉄 1991
100%
電鉄須磨 山陽須磨 山陽電気鉄道 1991
100%
電鉄明石 山陽明石 山陽電気鉄道 1991
100%
電鉄魚住 山陽魚住 山陽電気鉄道 1991
100%
電鉄曽根 山陽曽根 山陽電気鉄道 1991
100%
電鉄姫路 山陽姫路 山陽電気鉄道 1991
100%
電鉄高砂 高砂 山陽電気鉄道 1991
100%
電鉄林崎 林崎松江海岸 山陽電気鉄道 1991
100%
陸中川尻 ほっとゆだ 東日本旅客鉄道 1991
100%
京浜田浦 京急田浦 京浜急行電鉄 1992
100%
上ノ山 かみのやま温泉 東日本旅客鉄道 1992
100%
千歳空港 南千歳 北海道旅客鉄道 1992
100%
羽田整備場 整備場 東京モノレール 1993
100%
勝沼 勝沼ぶどう郷 東日本旅客鉄道 1993
100%
石和 石和温泉 東日本旅客鉄道 1993
100%
京浜大津 京急大津 京浜急行電鉄 1994
100%
叡山 比叡山坂本 西日本旅客鉄道 1994
100%
嵯峨 嵯峨嵐山 西日本旅客鉄道 1994
100%
陸中花輪 鹿角花輪 東日本旅客鉄道 1995
100%
四天王寺前 四天王寺前夕陽ヶ丘 大阪市交通局 1997
100%
小倉 平和通 北九州高速鉄道 1998
100%
斜里 知床斜里 北海道旅客鉄道 1998
100%
狭山遊園前 大阪狭山市 南海電気鉄道 2000
100%
多磨墓地前 多磨 西武鉄道 2001
100%
田尻 広電阿品 広島電鉄 2001
100%
宇品 広島港 広島電鉄 2001
100%
八瀬遊園 八瀬比叡山口 叡山電鉄 2002
100%
八草 万博八草 愛知環状鉄道 2004
100%
営団成増 地下鉄成増 帝都高速度交通営団 2004
100%
下田 香芝 西日本旅客鉄道 2004
100%
万博八草 八草 愛知環状鉄道 2005
100%
新名古屋 名鉄名古屋 名古屋鉄道 2005
100%
西ノ宮 西宮 西日本旅客鉄道 2007
100%
黒谷 和銅黒谷 秩父鉄道 2008
100%
碧海桜井 桜井 名古屋鉄道 2008
100%
近鉄難波 大阪難波 近畿日本鉄道 2009
100%
武生新 越前武生 福井鉄道 2010
100%
上鯖江 サンドーム西 福井鉄道 2010
100%
裁判所前 仁愛女子高校 福井鉄道 2010
100%
船小屋 筑後船小屋 九州旅客鉄道 2011
100%
業平橋 とうきょうスカイツリー 東武鉄道 2012
100%
松尾 松尾大社 阪急電鉄 2013
100%
甲山 かぶと山 北近畿タンゴ鉄道 2015
100%
気賀高校前 岡地 天竜浜名湖鉄道 2015
100%
坂本 坂本比叡山口 京阪電気鉄道 2018
100%
柴原 柴原阪大前 大阪高速鉄道 2019
100%
梅田 大阪梅田 阪神電気鉄道 2019
100%
日工前 工機前 ひたちなか海浜鉄道 2019
100%
花月園前 花月総持寺 京浜急行電鉄 2020
100%
佐貫 龍ケ崎市 東日本旅客鉄道 2020
100%
石狩太美 太美 北海道旅客鉄道 2022
100%
東風連 名寄高校 北海道旅客鉄道 2022
100%
市役所 名古屋城 名古屋市交通局 2023
100%
越前たけふ たけふ新 福井鉄道 2023
100%
羽田空港国内線ターミナル 羽田空港第1・第2ターミナル 京浜急行電鉄 2020
100%
羽田空港第2ビル 羽田空港第2ターミナル 東京モノレール 2020
100%
羽田空港国際線ターミナル 羽田空港第3ターミナル 京浜急行電鉄 2020
100%
羽田空港国際線ビル 羽田空港第3ターミナル 東京モノレール 2020
100%
上田辺 JR三山木 西日本旅客鉄道 1997
100%
舞鶴 西舞鶴 運輸通信省 1944
80%
境港 鉄道院 1919
75%
新古賀 西鉄古賀 西日本鉄道 1950
75%
戸狩 戸狩野沢温泉 日本国有鉄道 1987
75%
伏見 伏見桃山 京阪電気鉄道 1915
67%
信濃別所 別所温泉 上田温泉電軌 1930
67%
臼井 京成臼井 京成電気軌道 1931
67%
愛電山中 名電山中 名古屋鉄道 1938
67%
士官学校前 相武台前 小田原急行鉄道 1940
67%
松尾神社前 松尾 京阪神急行電鉄 1948
67%
開発 越前開発 京福電気鉄道 1951
67%
石山駅前 京阪石山 京阪電気鉄道 1953
67%
相可口 多気 日本国有鉄道 1959
67%
魚住 電鉄魚住 山陽電気鉄道 1961
67%
電車宮島 広電宮島 広島電鉄 1961
67%
湘南逗子 京浜逗子 京浜急行電鉄 1963
67%
自由ヶ丘 自由が丘 東京急行電鉄 1966
67%
三本木 十和田市 十和田観光電鉄 1969
67%
近畿日本名古屋 近鉄名古屋 近畿日本鉄道 1970
67%
西鉄柳河 西鉄柳川 西日本鉄道 1971
67%
武雄 武雄温泉 日本国有鉄道 1975
67%
弘南黒石 黒石 弘南鉄道 1986
67%
横橋 東船岡 日本国有鉄道 1986
67%
京浜蒲田 京急蒲田 京浜急行電鉄 1987
67%
遠江森 遠州森 日本国有鉄道 1987
67%
種差 種差海岸 東日本旅客鉄道 2002
67%
西鹿児島 鹿児島中央 九州旅客鉄道 2004
67%
徳重 徳重・名古屋芸大 名古屋鉄道 2005
67%
雄琴 おごと温泉 西日本旅客鉄道 2008
67%
西大津 大津京 西日本旅客鉄道 2008
67%
小石浜 恋し浜 三陸鉄道 2009
67%
下兵庫 下兵庫こうふく えちぜん鉄道 2017
67%
京コンピュータ前 計算科学センター 神戸新交通 2021
67%
名古屋競馬場前 港北 名古屋臨海高速鉄道 2022
67%
新岐阜 名鉄岐阜 名古屋鉄道 2005
60%
山越内 山越 北海道鉄道 1904
50%
忍路 蘭島 北海道鉄道 1905
50%
清洲 枇杷島 逓信省鉄道作業局 1906
50%
岩沼 八積 鉄道院 1915
50%
横浜 桜木町 鉄道院 1915
50%
中山 奥中山 鉄道院 1915
50%
中山 中山寺 鉄道院 1915
50%
大門口 播鉄大門 播州鉄道 1916
50%
大谷向今市 大谷向 下野軌道 1919
50%
車折神社裏 車折 京都電燈 1922
50%
新田 武蔵新田 目黒蒲田電鉄 1924
50%
鶴見 京浜鶴見 京浜電気鉄道 1925
50%
石見小浜 戸田小浜 鉄道省 1925
50%
門別 日高門別 日高拓殖鉄道 1925
50%
上野々市 野々市 金沢電気軌道 1926
50%
末広 東調布 池上電気鉄道 1928
50%
土橋 腰越 江ノ島電気鉄道 1929
50%
東鵜沼 新鵜沼 各務原鉄道 1931
50%
船橋 京成船橋 京成電気軌道 1931
50%
幕張 京成幕張 京成電気軌道 1931
50%
寺田 沢端 富山電気鉄道 1931
50%
松原口 西御坊 御坊臨港鉄道 1934
50%
勝浦 紀伊勝浦 新宮鉄道 1934
50%
馬場 膳所 鉄道省 1934
50%
高須 大隅高須 大隅鉄道 1935
50%
虹の松原 虹ノ松原 北九州鉄道 1937
50%
被服支廠前 上大河 芸備鉄道 1937
50%
常盤沓掛 安曇沓掛 信濃鉄道 1937
50%
常盤 信濃常盤 信濃鉄道 1937
50%
永平寺門前 永平寺 永平寺鉄道 1938
50%
鰍沢黒沢 鰍沢口 富士身延鉄道 1938
50%
久留美 恵比須 三木電気鉄道 1939
50%
川内町 川内 鉄道省 1940
50%
所沢飛行場 東所沢 武蔵野鉄道 1940
50%
大軌田原本 関急田原本 大阪電気軌道 1941
50%
座間遊園 座間 小田急電鉄 1941
50%
九鉄銀水 西鉄銀水 九州電気軌道 1942
50%
彦山口 添田 小倉鉄道 1942
50%
下富良野 富良野 鉄道省 1942
50%
塩屋 電鉄塩屋 山陽電気鉄道 1943
50%
明石駅前 電鉄明石 山陽電気鉄道 1943
50%
高等学校前 蓮町 富山地方鉄道 1943
50%
大佐土 大里 名古屋鉄道 1943
50%
有松裏 有松 名古屋鉄道 1943
50%
信州平 信濃平 飯山鉄道 1944
50%
関急八尾 近畿日本八尾 近畿日本鉄道 1944
50%
江井ヶ島西口 西江井ヶ島 山陽電気鉄道 1944
50%
三門 備前三門 中国鉄道 1944
50%
東塩釜 東塩竈 宮城電気鉄道 1944
50%
交電磐船 京阪神磐船 交野電気鉄道 1945
50%
大同前 大同町 名古屋鉄道 1945
50%
新小牧 小牧 名古屋鉄道 1945
50%
奔茂尻 滝里 運輸省 1946
50%
三津内海 安浦 運輸省 1946
50%
本御油 御油 名古屋鉄道 1949
50%
野田町 野田市 東武鉄道 1950
50%
尾張一ノ宮 尾張一宮 日本国有鉄道 1950
50%
西三日市 電鉄桜井 富山地方鉄道 1951
50%
中佐呂間 佐呂間 日本国有鉄道 1953
50%
長野 河内長野 近畿日本鉄道 1954
50%
伊那町 伊那市 日本国有鉄道 1954
50%
滋賀里 水耕農場前 京阪電気鉄道 1955
50%
新豊川 豊川稲荷 名古屋鉄道 1955
50%
阿野 豊明 名古屋鉄道 1956
50%
上斜里 清里町 日本国有鉄道 1956
50%
富田町 富田 京阪神急行電鉄 1957
50%
鶴巻 鶴巻温泉 小田急電鉄 1958
50%
知立 三河知立 名古屋鉄道 1959
50%
野田追 野田生 日本国有鉄道 1959
50%
鉢崎 米山 日本国有鉄道 1961
50%
三田尻 防府 日本国有鉄道 1962
50%
西銀座 銀座 帝都高速度交通営団 1964
50%
岩代熱海 磐梯熱海 日本国有鉄道 1965
50%
代田二丁目 新代田 京王帝都電鉄 1966
50%
学芸大学前 教育大学前 札幌市交通局 1966
50%
雪ヶ谷大塚 雪が谷大塚 東京急行電鉄 1966
50%
天神橋 天神橋筋六丁目 京阪神急行電鉄 1969
50%
比角 東柏崎 日本国有鉄道 1969
50%
黒部御前 黒部平 立山黒部貫光 1970
50%
石見大田 大田市 日本国有鉄道 1971
50%
松島四丁目 松島二丁目 高松琴平電気鉄道 1971
50%
東向日町 東向日 京阪神急行電鉄 1972
50%
一ノ鳥居 一の鳥居 能勢電気軌道 1973
50%
八幡町 八幡市 京阪電気鉄道 1977
50%
西漆山 漆山 日本国有鉄道 1984
50%
西灘 王子公園 阪急電鉄 1984
50%
津軽千年 千年 弘南鉄道 1986
50%
入野 西山名 上信電鉄 1986
50%
浅虫 浅虫温泉 日本国有鉄道 1986
50%
木尾 母野 日本国有鉄道 1986
50%
湯野上 湯野上温泉 東日本旅客鉄道 1987
50%
会津落合 養鱒公園 東日本旅客鉄道 1987
50%
潜竜 潜竜ヶ滝 九州旅客鉄道 1988
50%
宮内町 宮内 東日本旅客鉄道 1988
50%
川湯 川湯温泉 北海道旅客鉄道 1988
50%
江戸橋 日本橋 東京都交通局 1989
50%
電鉄別府 別府 山陽電気鉄道 1991
50%
電鉄飾磨 飾磨 山陽電気鉄道 1991
50%
長野原 長野原草津口 東日本旅客鉄道 1991
50%
一毛町 城東 上毛電気鉄道 1994
50%
関目 関目高殿 大阪市交通局 1997
50%
北一己 北一已 北海道旅客鉄道 1997
50%
北多磨 白糸台 西武鉄道 2001
50%
香枦園 香櫨園 阪神電気鉄道 2001
50%
広島駅前 広島駅 広島電鉄 2001
50%
小郡 新山口 西日本旅客鉄道 2003
50%
南成岩 青山 名古屋鉄道 2005
50%
会津高原 会津高原尾瀬口 会津鉄道 2006
50%
皷滝 鼓滝 能勢電鉄 2006
50%
中三依 中三依温泉 野岩鉄道 2006
50%
上三依塩原 上三依塩原温泉口 野岩鉄道 2006
50%
碧海堀内 堀内公園 名古屋鉄道 2008
50%
神田 神田(交通局前) 鹿児島市交通局 2015
50%
野田川 与謝野 北近畿タンゴ鉄道 2015
50%
皇子山 京阪大津京 京阪電気鉄道 2018
50%
諏訪神社前 諏訪神社 長崎電気軌道 2018
50%
東寝屋川 寝屋川公園 西日本旅客鉄道 2019
50%
五和 合格 大井川鐡道 2020
50%
新逗子 逗子・葉山 京浜急行電鉄 2020
50%
等持院 等持院・立命館大学衣笠キャンパス前 京福電気鉄道 2020
50%
仲木戸 京急東神奈川 京浜急行電鉄 2021
50%
羽田空港第1ビル 羽田空港第1ターミナル 東京モノレール 2020
50%
金山町 磐城金山 白棚鉄道 1916
33%
箕有電車前 阪急電車前 大阪市電気鉄道部 1918
33%
小松 遠州小松 遠州電気鉄道 1921
33%
大津 馬場 鉄道省 1921
33%
電鉄有馬 有馬温泉 神戸有馬電気鉄道 1929
33%
稲毛 京成稲毛 京成電気軌道 1931
33%
小田村 児島小川 下津井鉄道 1931
33%
にいくら 新倉 東武鉄道 1934
33%
洗足公園 北千束 目黒蒲田電鉄 1936
33%
白木山口 白木山 芸備鉄道 1937
33%
大軌八木 大和八木 大阪電気軌道 1941
33%
佐野町 佐野市 東武鉄道 1943
33%
藤山 藤曲 宇部鉄道 1944
33%
相模厚木 本厚木 東京急行電鉄 1944
33%
常陸酒出 南酒出 日本国有鉄道 1953
33%
八千代町 御船町 長崎電気軌道 1957
33%
上滝公園下 大川寺公園 富山地方鉄道 1959
33%
三河吉田 吉良吉田 名古屋鉄道 1960
33%
新松島 松島 日本国有鉄道 1962
33%
下佐呂間 浜佐呂間 日本国有鉄道 1963
33%
本丁筋一丁目 上町一丁目 土佐電気鉄道 1966
33%
神戸 三宮 京阪神急行電鉄 1968
33%
作見 加賀温泉 日本国有鉄道 1970
33%
西向日町 西向日 京阪神急行電鉄 1972
33%
西線9条 旭山公園通 札幌市交通局 1973
33%
新高岡 高岡駅前 加越能鉄道 1979
33%
肥前中里 中里 九州旅客鉄道 1988
33%
電鉄栄 神戸電気鉄道 1988
33%
電鉄桜井 電鉄黒部 富山地方鉄道 1989
33%
動物園前 動植物園前 熊本市交通局 1992
33%
知井宮 西出雲 西日本旅客鉄道 1993
33%
竜安寺道 龍安寺 京福電気鉄道 2007
33%
四条 祇園四条 京阪電気鉄道 2008
33%
上本町 大阪上本町 近畿日本鉄道 2009
33%
西武生 北府 福井鉄道 2010
33%
守山市民病院 金屋 名古屋ガイドウェイバス 2013
33%
島原外港 島原港 島原鉄道 2019
33%
旭山公園通 西線9条旭山公園通 札幌市交通局 1974
33%
湊町 JR難波 西日本旅客鉄道 1994
33%
寒川 本千葉 房総鉄道 1902
25%
畝火山 畝傍山 大阪電気軌道 1924
25%
黄檗山 黄檗 京阪電気鉄道 1926
25%
大洲 伊予大洲 鉄道省 1933
25%
浜脇 東別府 鉄道省 1934
25%
日方町 海南 鉄道省 1936
25%
座間 士官学校前 小田原急行鉄道 1937
25%
関急名古屋 近畿日本名古屋 関西急行鉄道 1944
25%
藤枝新 新藤枝 静岡鉄道 1956
25%
五所川原 津軽五所川原 津軽鉄道 1956
25%
荒手車庫前 商工センター入口 広島電鉄 1979
25%
日産前 ジヤトコ前 岳南鉄道 2005
25%
伊太祁曽 伊太祈曽 南海電気鉄道 2006
25%
三ヶ島村 狭山ヶ丘 武蔵野鉄道 1933
20%
金山 金山橋 名古屋鉄道 1945
20%
神土 神戸 東日本旅客鉄道 1989
20%
開運町 住吉 官営幌内鉄道 1881
0%
洞道口 洞道西口 工部省鉄道局 1883
0%
名護屋 名古屋 内閣鉄道局 1887
0%
馬郡 舞坂 内閣鉄道局 1888
0%
加納 岐阜 内閣鉄道局 1888
0%
松山 外側 伊予鉄道 1889
0%
三津口 古町 伊予鉄道 1889
0%
郁春別 幾春別 官営幌内鉄道 1889
0%
吉田 善通寺 讃岐鉄道 1889
0%
垂水 舞子 山陽鉄道 1889
0%
伊佐山 川島 水戸鉄道 1889
0%
太田町 宍戸 水戸鉄道 1889
0%
那須 西那須野 日本鉄道 1891
0%
三原 糸崎 山陽鉄道 1894
0%
前ヶ須 弥富 関西鉄道 1895
0%
和田崎町 和田岬 山陽鉄道 1895
0%
植木 筑前植木 筑豊鉄道 1897
0%
京都 七条 奈良鉄道 1897
0%
室蘭 輪西 北海道炭礦鉄道 1897
0%
長洲 宇佐 豊州鉄道 1898
0%
磐城太田 日本鉄道 1898
0%
岩橋 田井ノ瀬 紀和鉄道 1899
0%
有馬口 生瀬 阪鶴鉄道 1899
0%
舞子 垂水 山陽鉄道 1899
0%
舞子公園 舞子 山陽鉄道 1899
0%
住吉 小樽 官営幌内鉄道 1900
0%
大小路 高野鉄道 1900
0%
住吉 住吉東 高野鉄道 1900
0%
津幡 津幡口 七尾鉄道 1900
0%
池田 上熊本 九州鉄道 1901
0%
道頓堀 汐見橋 高野鉄道 1901
0%
外側 松山 伊予鉄道 1902
0%
平井河原 平井 伊予鉄道 1902
0%
大宮 岩出 紀和鉄道 1902
0%
川崎 六郷橋 京浜電気鉄道 1902
0%
六郷 八幡塚 京浜電気鉄道 1902
0%
阿弥陀 曽根 山陽鉄道 1902
0%
馬関 下関 山陽鉄道 1902
0%
二見 川端 南和鉄道 1902
0%
岩船 岩舟 日本鉄道 1902
0%
新庄 丸岡 逓信省鉄道作業局 1902
0%
高宮 加佐登 関西鉄道 1903
0%
本山 岩屋 九州鉄道 1903
0%
名倉 高野口 紀和鉄道 1903
0%
勝間 阿部野 高野鉄道 1903
0%
福知山南口 福知 阪鶴鉄道 1903
0%
田中 武川 上武鉄道 1903
0%
上野 伊賀上野 逓信省鉄道作業局 1903
0%
大海 長篠 豊川鉄道 1903
0%
掖上 壺阪 南和鉄道 1903
0%
吉野口 南和鉄道 1903
0%
七間町 呉服町 名古屋電気鉄道 1903
0%
県庁前 久屋町 名古屋電気鉄道 1903
0%
宿野辺 駒ヶ岳 北海道鉄道 1904
0%
函館 亀田 北海道鉄道 1904
0%
熱郛 歌棄 北海道鉄道 1904
0%
蘭島 忍路 北海道鉄道 1904
0%
小樽中央 高島 北海道鉄道 1904
0%
桃山 桃谷 関西鉄道 1905
0%
妙見 西唐津 九州鉄道 1905
0%
長崎 浦上 九州鉄道 1905
0%
八幡 海岸 京浜電気鉄道 1905
0%
停車場道 八幡 京浜電気鉄道 1905
0%
歌棄 熱郛 北海道鉄道 1905
0%
磯谷 目名 北海道鉄道 1905
0%
長岡 西大寺 山陽鉄道 1906
0%
一ノ戸 一戸 逓信省帝国鉄道庁 1907
0%
三ノ戸 三戸 逓信省帝国鉄道庁 1907
0%
宇ノ島 宇島 豊州鉄道 1907
0%
八ノ戸 八戸 逓信省帝国鉄道庁 1907
0%
神崎 神埼 逓信省帝国鉄道庁 1907
0%
北浜寺 諏訪ノ森 南海鉄道 1908
0%
大浜 芦原 南海鉄道 1908
0%
長者原 伊賀 博多湾鉄道 1908
0%
中之島二丁目 渡辺橋 大阪市電気鉄道課 1908
0%
能代 機織 鉄道院 1909
0%
能代町 能代 鉄道院 1909
0%
中樽 上有田 鉄道院 1909
0%
宇佐 柳ケ浦 鉄道院 1909
0%
小幡 五箇荘 近江鉄道 1910
0%
稲荷新道 稲荷 京阪電気鉄道 1910
0%
中野町 萱場 大日本軌道 1910
0%
山口 亀山 大日本軌道 1910
0%
吾妻橋 浅草 東武鉄道 1910
0%
布池町 新栄町 名古屋電気鉄道 1910
0%
大間々 岩宿 鉄道院 1911
0%
中津 中津川 鉄道院 1911
0%
熊党 大山 鉄道院 1911
0%
竹田 丹波竹田 鉄道院 1911
0%
別府 東多久 鉄道院 1911
0%
上有知 美濃町 美濃電気軌道 1911
0%
伝馬 伝馬町 愛知電気鉄道 1912
0%
相生 相老 足尾鉄道 1912
0%
石関町 本社前 岡山電気軌道 1912
0%
出石町 県庁前 岡山電気軌道 1912
0%
弓之町 後楽園 岡山電気軌道 1912
0%
豊平 大学通り 九州水力電気 1912
0%
我孫子 若宮 高野登山鉄道 1912
0%
倉吉 上井 鉄道院 1912
0%
芦原 大浜 南海鉄道 1912
0%
神戸 三宮 阪神電気鉄道 1912
0%
曽根崎新地 桜橋交叉点 大阪市電気鉄道部 1912
0%
梅田新道 梅田新道交叉点 大阪市電気鉄道部 1912
0%
千種 田代道 名古屋電気鉄道 1912
0%
田代道 西裏 名古屋電気鉄道 1912
0%
吉田 西吉田 越後鉄道 1913
0%
曽根 越後曽根 越後鉄道 1913
0%
飛鳥山下 梶原 王子電気軌道 1913
0%
大津 浜大津 大津電車軌道 1913
0%
栄町 大泊 樺太庁鉄道 1913
0%
北千反畑 広町 菊池軌道 1913
0%
曲金 高砂 京成電気軌道 1913
0%
百舌鳥 百舌鳥八幡 高野登山鉄道 1913
0%
馬場 大津 鉄道院 1913
0%
大津 浜大津 鉄道院 1913
0%
山口 肥前山口 鉄道院 1913
0%
稲荷 稲荷前 名古屋電気鉄道 1913
0%
小折 小折口 名古屋電気鉄道 1913
0%
高雄 下野 名古屋電気鉄道 1913
0%
小山 元小山 名古屋電気鉄道 1913
0%
志摩町角 志摩町 名古屋電気鉄道 1913
0%
本社前 那古野町 名古屋電気鉄道 1913
0%
菊井町 藪下町 名古屋電気鉄道 1913
0%
仮滝野 播州鉄道 1913
0%
美濃関 美濃電気軌道 1913
0%
靭南通 信濃橋 大阪市電気鉄道部 1913
0%
御園町 南園町 名古屋電気鉄道 1913
0%
桑名町 南桑名町 名古屋電気鉄道 1913
0%
本町 鉄砲町 名古屋電気鉄道 1913
0%
七間町 住吉町 名古屋電気鉄道 1913
0%
久屋町 南久屋町 名古屋電気鉄道 1913
0%
太秦 太子前 嵐山電気軌道 1914
0%
別保 粟津 大津電車軌道 1914
0%
和歌山口 北島 加太軽便鉄道 1914
0%
志比口 福井口 京都電燈 1914
0%
市川 江戸川 京成電気軌道 1914
0%
市川鴻の台 市川 京成電気軌道 1914
0%
観音 西大寺町 西大寺軌道 1914
0%
松崎 広谷 西大寺軌道 1914
0%
岩間 長利 西大寺軌道 1914
0%
長岡 財田 西大寺軌道 1914
0%
幡多 西大寺軌道 1914
0%
二本松 藤原 西大寺軌道 1914
0%
小田 小田村 下津井軽便鉄道 1914
0%
秩父 国神 上武鉄道 1914
0%
紋別 中ノ沢 鉄道院 1914
0%
長岡 近江長岡 鉄道院 1914
0%
長岡 伊達 鉄道院 1914
0%
野田 誉田 鉄道院 1914
0%
味野 彦崎 鉄道院 1914
0%
川島 神後 鉄道院 1914
0%
山崎 山瀬 鉄道院 1914
0%
三田洞 上岩崎 長良軽便鉄道 1914
0%
土橋 三田洞 長良軽便鉄道 1914
0%
北在家 野口 播州鉄道 1914
0%
上川手 茶所 美濃電気軌道 1914
0%
西新町 県庁前 名古屋電気鉄道 1914
0%
禅寺町 東新町 名古屋電気鉄道 1914
0%
幸田 小山田 岩手軽便鉄道 1915
0%
与板 小島谷 越後鉄道 1915
0%
荒浜 西中通 越後鉄道 1915
0%
新荒浜 荒浜 越後鉄道 1915
0%
寺泊 大河津 越後鉄道 1915
0%
村田 妙法寺 越後鉄道 1915
0%
真名子 木屋瀬 鞍手軽便鉄道 1915
0%
羽田 稲荷橋 京浜電気鉄道 1915
0%
松本市 北松本 信濃鉄道 1915
0%
明盛 一日市場 信濃鉄道 1915
0%
井戸 井戸川 高松電気軌道 1915
0%
中川 横田 千葉県営鉄道 1915
0%
堀ノ内 喜久田 鉄道院 1915
0%
本所 錦糸町 鉄道院 1915
0%
中山 下総中山 鉄道院 1915
0%
佐野 裾野 鉄道院 1915
0%
吉田 浜吉田 鉄道院 1915
0%
山潟 上戸 鉄道院 1915
0%
古川 陸前古川 鉄道院 1915
0%
新庄 大和新庄 鉄道院 1915
0%
飾磨 飾磨港 鉄道院 1915
0%
天神 飾磨 鉄道院 1915
0%
神後 阿波川島 鉄道院 1915
0%
吉水 堀米 東武鉄道 1915
0%
恵美須 今宮戎 南海鉄道 1915
0%
城井 日出生鉄道 1915
0%
南大草野 大草野 肥前電気鉄道 1915
0%
川崎町 遠州川崎町 藤相鉄道 1915
0%
赤江 大淀 宮崎軽便鉄道 1915
0%
小手指 西所沢 武蔵野鉄道 1915
0%
元狭山 三ヶ島村 武蔵野鉄道 1915
0%
田辺 行合 横浜電気 1915
0%
行合橋 大境 横浜電気 1915
0%
海岸院通 海岸通り 横浜電気 1915
0%
小町 鎌倉 横浜電気 1915
0%
上郷 岩手上郷 岩手軽便鉄道 1916
0%
市川新田 市川真間 京成電気軌道 1916
0%
幡多 大師 西大寺鉄道 1916
0%
信濃大町 仏崎 信濃鉄道 1916
0%
国神 荒川 上武鉄道 1916
0%
一ノ宮 備前一宮 中国鉄道 1916
0%
新町 真室川 鉄道院 1916
0%
船木 厚東 鉄道院 1916
0%
高階 新河岸 東上鉄道 1916
0%
一ノ宮 三河一宮 豊川鉄道 1916
0%
大崎町 薩摩大崎町 南薩鉄道 1916
0%
国包 厄神 播州鉄道 1916
0%
社口 播鉄社 播州鉄道 1916
0%
滝野 播鉄滝野 播州鉄道 1916
0%
笠松口 笠松 美濃電気軌道 1916
0%
星崎 柴田 愛知電気鉄道 1917
0%
新町 彦根口 近江鉄道 1917
0%
縄手 上久留米 大川鉄道 1917
0%
出町 下久留米 大川鉄道 1917
0%
火薬庫前 松原 京王電気軌道 1917
0%
下仙川 仙川 京王電気軌道 1917
0%
那智口 天満 新宮鉄道 1917
0%
柏木 東中野 鉄道院 1917
0%
筋向橋 山田上口 鉄道院 1917
0%
大山 伯耆大山 鉄道院 1917
0%
大山 丹波大山 鉄道院 1917
0%
矢田新 七尾港 鉄道院 1917
0%
大和川 七道 南海鉄道 1917
0%
大手 須磨東口 兵庫電気軌道 1917
0%
須磨 須磨駅前 兵庫電気軌道 1917
0%
一身田町 高田本山 伊勢鉄道 1918
0%
泉尾町 岩崎町 大阪市電気鉄道部 1918
0%
三軒家 大正橋 大阪市電気鉄道部 1918
0%
精進場川 三笠 草津軽便鉄道 1918
0%
浅間 二度上 草津軽便鉄道 1918
0%
発電所前 久根崎 京浜電気鉄道 1918
0%
湊新地 島原湊 島原鉄道 1918
0%
富山 大平下 鉄道院 1918
0%
大原 大原市場 鉄道院 1918
0%
水越 備後赤坂 鉄道院 1918
0%
病院前 大学病院前 名古屋電気鉄道 1918
0%
八事電車道 老松車庫前 名古屋電気鉄道 1918
0%
築港 港橋 名古屋電気鉄道 1918
0%
長塀町三丁目 清水口 名古屋電気鉄道 1918
0%
長塀町六丁目 長塀町五丁目 名古屋電気鉄道 1918
0%
徳川邸前 大曽根八幡前 名古屋電気鉄道 1918
0%
沼貝 美唄炭山 美唄鉄道 1918
0%
腰越 腰越浜上 横浜電気 1918
0%
袂ヶ浦 恵風園前 横浜電気 1918
0%
鉄砲町 広小路本町 名古屋電気鉄道 1918
0%
南久屋町 南武平町 名古屋電気鉄道 1918
0%
辰野 西町 伊那電車軌道 1919
0%
八日市口 新八日市 近江鉄道 1919
0%
喜志 太子口 河南鉄道 1919
0%
太子口 太子口喜志 河南鉄道 1919
0%
上森本 明治村 頸城鉄道 1919
0%
代々木 神宮裏 京王電気軌道 1919
0%
改正橋 初台 京王電気軌道 1919
0%
アルプス追分 安曇追分 信濃鉄道 1919
0%
北條 韮山 駿豆鉄道 1919
0%
南條 伊豆長岡 駿豆鉄道 1919
0%
武蔵境 多摩鉄道 1919
0%
宇美 新宇美 筑前参宮鉄道 1919
0%
新宇美 上宇美 筑前参宮鉄道 1919
0%
四日市 豊前善光寺 鉄道院 1919
0%
八幡 近江八幡 鉄道院 1919
0%
飯塚 北高崎 鉄道院 1919
0%
金神 金光 鉄道院 1919
0%
二見 大和二見 鉄道院 1919
0%
越ヶ谷 武州大沢 東武鉄道 1919
0%
福山町 鞆鉄福山 鞆軽便鉄道 1919
0%
東川橋 新川橋 函館水電 1919
0%
毛馬内 末広 秋田鉄道 1920
0%
野々市連絡 上野々市 石川鉄道 1920
0%
大沼 軍川 鉄道省 1920
0%
大沼公園 大沼 鉄道省 1920
0%
松崎 下総松崎 鉄道省 1920
0%
熱海 岩代熱海 鉄道省 1920
0%
中川 越中中川 鉄道省 1920
0%
横川 大隅横川 鉄道省 1920
0%
芦堀 新世界前 函館水電 1920
0%
下和字 奈美 防石鉄道 1920
0%
奈美 上和字 防石鉄道 1920
0%
浜松 遠州浜松 遠州電気鉄道 1921
0%
島之郷 遠州島之郷 遠州電気鉄道 1921
0%
上島 遠州上島 遠州電気鉄道 1921
0%
市場 遠州市場 遠州電気鉄道 1921
0%
共同 遠州共同 遠州電気鉄道 1921
0%
新村 遠州新村 遠州電気鉄道 1921
0%
松木 遠州松木 遠州電気鉄道 1921
0%
西ヶ崎 遠州西ヶ崎 遠州電気鉄道 1921
0%
貴布禰 遠州貴布禰 遠州電気鉄道 1921
0%
道本 遠州道本 遠州電気鉄道 1921
0%
新原 遠州小林 遠州電気鉄道 1921
0%
芝本 遠州芝本 遠州電気鉄道 1921
0%
岩水寺 遠州岩水寺 遠州電気鉄道 1921
0%
鹿島 遠州二俣 遠州電気鉄道 1921
0%
後楽園 後楽園前 岡山電気軌道 1921
0%
中川町 南中川 小野田軽便鉄道 1921
0%
毘沙門道 山科駅前 京津電気軌道 1921
0%
市川 市川国府台 京成電気軌道 1921
0%
新屋 上州新屋 上信電気鉄道 1921
0%
福島 上州福島 上信電気鉄道 1921
0%
富岡 上州富岡 上信電気鉄道 1921
0%
七日市 上州七日市 上信電気鉄道 1921
0%
一ノ宮 上州一ノ宮 上信電気鉄道 1921
0%
瀬戸 尾張瀬戸 瀬戸電気鉄道 1921
0%
梅沢 西加積 立山鉄道 1921
0%
沢端 寺田 立山鉄道 1921
0%
辻高原 弓庄 立山鉄道 1921
0%
江上 宮川 立山鉄道 1921
0%
堀江 中加積 立山鉄道 1921
0%
西滑川 水橋口 立山鉄道 1921
0%
中滑川 晒屋 立山鉄道 1921
0%
福岡 北福岡 鉄道省 1921
0%
山野 筑前山野 鉄道省 1921
0%
豊後町 小川町 長崎電気軌道 1921
0%
子安観音 鼓ヶ浦 伊勢鉄道 1922
0%
新四日市 四日市 伊勢鉄道 1922
0%
身祓橋 松島町二丁目 大阪市電気鉄道部 1922
0%
石田町 湊屋町 大阪市電気鉄道部 1922
0%
島屋町 三本松 大阪市電気鉄道部 1922
0%
片江 今里片江 大阪電気軌道 1922
0%
奈良駅前 油阪 大阪電気軌道 1922
0%
深江 足代 大阪電気軌道 1922
0%
山口 上相浦 佐世保軽便鉄道 1922
0%
大原 下原 下野電気鉄道 1922
0%
下滝 大滝 下野電気鉄道 1922
0%
藤原 新藤原 下野電気鉄道 1922
0%
新居 旭新居 瀬戸電気鉄道 1922
0%
佐念頃 御影 鉄道省 1922
0%
川越町 川越市 東武鉄道 1922
0%
月見坂 覚王山 名古屋電気鉄道 1922
0%
区役所前 市役所前 函館水電 1922
0%
坂下 渋谷 玉川電気鉄道 1922
0%
難波新川 賑橋 大阪市電気鉄道部 1922
0%
後免町 後免東町通 土佐電気鉄道 1922
0%
笹島 名古屋駅前 名古屋電気鉄道 1922
0%
松島 伊那松島 伊那電気鉄道 1923
0%
板屋町 遠州浜松 遠州電気鉄道 1923
0%
馬込 遠州馬込 遠州電気鉄道 1923
0%
九条発電所前 電気局前 大阪市電気鉄道部 1923
0%
鶴町二丁目 鶴町車庫前 大阪市電気鉄道部 1923
0%
西川 西川緑道公園 岡山電気軌道 1923
0%
名山堀 市庁通 鹿児島電気軌道 1923
0%
町川田 信濃川田 河東鉄道 1923
0%
池田 上熊本 菊池軌道 1923
0%
宝登山 長瀞 秩父鉄道 1923
0%
清川 上総清川 千葉県営鉄道 1923
0%
津山 津山口 中国鉄道 1923
0%
追分 信濃追分 鉄道省 1923
0%
相可 相可口 鉄道省 1923
0%
病院下 病院前 長崎電気軌道 1923
0%
高野辻 御幸辻 南海鉄道 1923
0%
下館 会津下館 日本硫黄 1923
0%
樋ノ口 会津樋ノ口 日本硫黄 1923
0%
大原 沼尻 日本硫黄 1923
0%
美濃町 新美濃町 美濃電気軌道 1923
0%
美濃関 新美濃関 美濃電気軌道 1923
0%
早川 下早川 御船鉄道 1923
0%
津市 部田 伊勢鉄道 1924
0%
宇洞 鱒沢 岩手軽便鉄道 1924
0%
鱒沢 中鱒沢 岩手軽便鉄道 1924
0%
二日町 岩手二日町 岩手軽便鉄道 1924
0%
別所 信濃別所 上田温泉電軌 1924
0%
千反畑 広町 菊池軌道 1924
0%
広町 藤崎宮前 菊池軌道 1924
0%
桃原 宇奈月 黒部鉄道 1924
0%
高砂町 電鉄高砂 神戸姫路電気鉄道 1924
0%
曽根町 電鉄曽根 神戸姫路電気鉄道 1924
0%
飾磨町 電鉄飾磨 神戸姫路電気鉄道 1924
0%
上屋敷 上平井 三蟠鉄道 1924
0%
平井 下平井 三蟠鉄道 1924
0%
秦野 台町 湘南軌道 1924
0%
宮川 新宮川 立山鉄道 1924
0%
沼田 石狩沼田 鉄道省 1924
0%
足利町 足利市 東武鉄道 1924
0%
四日市 豊前善光寺 日出生鉄道 1924
0%
北一ノ沢 常盤台 美唄鉄道 1924
0%
法典 馬込沢 北総鉄道 1924
0%
新美濃関 新関 美濃電気軌道 1924
0%
丸子 武蔵丸子 目黒蒲田電鉄 1924
0%
松山 柳生橋 渥美電鉄 1925
0%
田原 三河田原 渥美電鉄 1925
0%
高雄村 根木 赤穂鉄道 1925
0%
前谷地 笹谷 飯坂電車 1925
0%
津市 津新地 伊勢鉄道 1925
0%
増戸 武蔵増戸 五日市鉄道 1925
0%
五日市 武蔵五日市 五日市鉄道 1925
0%
若江 若江岩田 大阪電気軌道 1925
0%
足代 布施 大阪電気軌道 1925
0%
西金沢 白菊町 金沢電気軌道 1925
0%
京都 四条大宮 京都電燈 1925
0%
嵯峨停車場前 嵯峨駅前 京都電燈 1925
0%
和田村 下和知 芸備鉄道 1925
0%
品川 北品川 京浜電気鉄道 1925
0%
蒲田 京浜蒲田 京浜電気鉄道 1925
0%
川崎 京浜川崎 京浜電気鉄道 1925
0%
神奈川 京浜神奈川 京浜電気鉄道 1925
0%
高野山 高野下 高野山電気鉄道 1925
0%
六日市 越後滝谷 鉄道省 1925
0%
熟田 仁井田 鉄道省 1925
0%
豊原 下野豊原 鉄道省 1925
0%
鹿田 大元 鉄道省 1925
0%
永興 南大分 鉄道省 1925
0%
厚真 浜厚真 苫小牧軽便鉄道 1925
0%
阿部野 岸ノ里 南海鉄道 1925
0%
清水 紀伊清水 南海鉄道 1925
0%
入来 入来ノ浜 南薩鉄道 1925
0%
稗島 姫島 阪神電気鉄道 1925
0%
四日市町 豊前四日市 日出生鉄道 1925
0%
世田谷 池尻 玉川電気鉄道 1925
0%
池尻 三宿 玉川電気鉄道 1925
0%
屋島 屋島登山口 四国水力電気 1925
0%
湯元 秋保温泉 秋保電気軌道 1926
0%
仏坂上 医王寺前 飯坂電車 1926
0%
苅谷 上総苅谷 夷隅軌道 1926
0%
大多喜 上総大多喜 夷隅軌道 1926
0%
市岡町 市岡元町二丁目 大阪市電気局 1926
0%
芦花橋 市岡元町三丁目 大阪市電気局 1926
0%
磯路橋 市岡元町四丁目 大阪市電気局 1926
0%
市岡元町九丁目 市岡元町五丁目 大阪市電気局 1926
0%
梅田停車場前 大阪駅前 大阪市電気局 1926
0%
土佐堀裏町 土佐堀船町 大阪市電気局 1926
0%
湊町停車場前 湊町駅前 大阪市電気局 1926
0%
難波停車場前 難波駅前 大阪市電気局 1926
0%
玉造停車場前 玉造 大阪市電気局 1926
0%
野田停車場前 野田駅前 大阪市電気局 1926
0%
桃谷停車場前 桃谷駅前 大阪市電気局 1926
0%
生野国分町 国分町 大阪市電気局 1926
0%
各務野 新那加 各務原鉄道 1926
0%
補給部前 各務野 各務原鉄道 1926
0%
新野々市 新西金沢 金沢電気軌道 1926
0%
後免 後免町 高知鉄道 1926
0%
省後免 後免 高知鉄道 1926
0%
一ノ木戸 東三条 鉄道省 1926
0%
五城目 一日市 鉄道省 1926
0%
吉田町 信濃吉田 長野電鉄 1926
0%
下構 南津島 名古屋鉄道 1926
0%
宮後 西宮後 名古屋鉄道 1926
0%
今津 久寿川 阪神電気鉄道 1926
0%
上勇払 北松田 北海道鉄道 1926
0%
北方町 美濃北方 美濃電気軌道 1926
0%
多摩川 丸子多摩川 目黒蒲田電鉄 1926
0%
武蔵丸子 沼部 目黒蒲田電鉄 1926
0%
玉ノ池 子吉 横荘鉄道 1926
0%
新豊橋 花田 渥美電鉄 1927
0%
仏坂下 小川橋 飯坂電車 1927
0%
飯坂 花水坂 飯坂電車 1927
0%
明神町 平野 飯坂電車 1927
0%
立花 伊予立花 伊予鉄道電気 1927
0%
三好町 城下 上田温泉電軌 1927
0%
三好町三丁目 三好町 上田温泉電軌 1927
0%
電気局前 九条南通一丁目 大阪市電気局 1927
0%
永平寺 永平寺口 京都電燈 1927
0%
地蔵川 北軽井沢 草津電気鉄道 1927
0%
新町 神奈川新町 京浜電気鉄道 1927
0%
東五城目 五城目 五城目軌道 1927
0%
大滝 鬼怒川温泉 下野電気鉄道 1927
0%
仮小田原 相模広小路 大雄山鉄道 1927
0%
西松本 筑摩電気鉄道 1927
0%
西鹿児島 鉄道省 1927
0%
青柳 常陸青柳 鉄道省 1927
0%
太田 常陸太田 鉄道省 1927
0%
病院前 病院下 長崎電気軌道 1927
0%
米子町 米子市 伯陽電鉄 1927
0%
味浜 西一色 三河鉄道 1927
0%
撫養 ゑびす前 阿波電気軌道 1928
0%
石川 石川台 池上電気鉄道 1928
0%
江崎 周防江崎 宇部鉄道 1928
0%
王子 王子駅前 王子電気軌道 1928
0%
生駒 大軌生駒 大阪電気軌道 1928
0%
小阪 大軌小阪 大阪電気軌道 1928
0%
奈良 大軌奈良 大阪電気軌道 1928
0%
八木 大軌八木 大阪電気軌道 1928
0%
新法隆寺 大軌法隆寺 大阪電気軌道 1928
0%
八尾 大軌八尾 大阪電気軌道 1928
0%
公会堂前 電話課前 熊本市電気水道局 1928
0%
応天門 神宮道 京阪電気鉄道 1928
0%
広道 岡崎道 京阪電気鉄道 1928
0%
第一中学前 一中前 札幌市電気局 1928
0%
国神 上長瀞 秩父鉄道 1928
0%
輪西 東輪西 鉄道省 1928
0%
武本 西出水 鉄道省 1928
0%
高島 本横浜 東京横浜電鉄 1928
0%
南武平町 市役所前 名古屋市電気局 1928
0%
那古野町 電気局前 名古屋市電気局 1928
0%
門前町 大須 名古屋市電気局 1928
0%
長島町 外堀通四丁目 名古屋市電気局 1928
0%
本町御門 名古屋城 名古屋市電気局 1928
0%
東築地 南陽館前 名古屋市電気局 1928
0%
入来ノ浜 南吹上浜 南薩鉄道 1928
0%
大福 東新堂 大和鉄道 1928
0%
吉野 六田 吉野鉄道 1928
0%
五加 中塩田 上田温泉電軌 1929
0%
片瀬 江ノ島 江ノ島電気鉄道 1929
0%
腰越浜上 小動 江ノ島電気鉄道 1929
0%
今里片江 今里 大阪電気軌道 1929
0%
大軌八木 八木西口 大阪電気軌道 1929
0%
電話課前 公会堂前 熊本市電気局 1929
0%
屋敷分 分倍河原 京王電気軌道 1929
0%
雄松 近江舞子 江若鉄道 1929
0%
松森町 南弘前 弘南鉄道 1929
0%
六甲北口 六甲登山口 神戸有馬電気鉄道 1929
0%
大野 左石 佐世保鉄道 1929
0%
久慈 久慈浜 常北電気鉄道 1929
0%
上保谷 東伏見 西武鉄道 1929
0%
竹鼻 栄町 竹鼻鉄道 1929
0%
本野上 野上 秩父鉄道 1929
0%
岩国 麻里布 鉄道省 1929
0%
柳井津 柳井 鉄道省 1929
0%
国分 西国分 鉄道省 1929
0%
九品仏前 自由ヶ丘 東京横浜電鉄 1929
0%
東武和泉 静和 東武鉄道 1929
0%
上北谷 太田 栃尾鉄道 1929
0%
上太田 上北谷 栃尾鉄道 1929
0%
屋敷分 分倍河原 南武鉄道 1929
0%
植田 鷺ノ湯 広瀬鉄道 1929
0%
鳳来寺 鳳来寺口 鳳来寺鉄道 1929
0%
大山田 西桑名 北勢鉄道 1929
0%
三国町 電車三国 三国芦原電鉄 1929
0%
大夕張 南大夕張 三菱鉱業 1929
0%
北部 大夕張 三菱鉱業 1929
0%
公園下 本居神社前 伊勢電気鉄道 1930
0%
西桑名 益生 伊勢電気鉄道 1930
0%
板橋新道 新庚申塚 王子電気軌道 1930
0%
美旗 美旗新田 大阪電気軌道 1930
0%
名張 西名張 大阪電気軌道 1930
0%
阿保 比土 大阪電気軌道 1930
0%
新宿追分 四谷新宿 京王電気軌道 1930
0%
細川 紀伊細川 高野山電気鉄道 1930
0%
神谷 紀伊神谷 高野山電気鉄道 1930
0%
小佐越前 小佐越 下野電気鉄道 1930
0%
成田山不動尊前 成田山前 西武鉄道 1930
0%
合土 西遊馬 西武鉄道 1930
0%
大宮工場前 工場前 西武鉄道 1930
0%
西市来 市来 鉄道省 1930
0%
西国分 隼人 鉄道省 1930
0%
庚申塚 新庚申塚 東京都交通局 1930
0%
千住 中千住 東武鉄道 1930
0%
的場 霞ヶ関 東武鉄道 1930
0%
銅座町 柳通 長崎電気軌道 1930
0%
松ヶ枝橋 弁天橋 長崎電気軌道 1930
0%
出雲町 大浦石橋 長崎電気軌道 1930
0%
安田 信濃安田 長野電鉄 1930
0%
電気局前 那古野町 名古屋市電気局 1930
0%
海前 商工会議所前 名古屋市電気局 1930
0%
大和 島氏永 名古屋鉄道 1930
0%
広見 新広見 名古屋鉄道 1930
0%
東明 新在家 阪神電気鉄道 1930
0%
甲斐下山 下山波高島 富士身延鉄道 1930
0%
池月 洗足公園 目黒蒲田電鉄 1930
0%
各務野 各務補給部前 各務原鉄道 1931
0%
花輪 京成花輪 京成電気軌道 1931
0%
津田沼 京成津田沼 京成電気軌道 1931
0%
大久保 京成大久保 京成電気軌道 1931
0%
酒々井 京成酒々井 京成電気軌道 1931
0%
成田 京成成田 京成電気軌道 1931
0%
立石 京成立石 京成電気軌道 1931
0%
金町 京成金町 京成電気軌道 1931
0%
千葉 京成千葉 京成電気軌道 1931
0%
京都西院 西院 京阪電気鉄道 1931
0%
湘南逗子 湘南逗子沼間口 湘南電気鉄道 1931
0%
牛島 藤の牛島 総武鉄道 1931
0%
稲荷 備中高松 中国鉄道 1931
0%
海川崎 若尾 鶴見臨港鉄道 1931
0%
笹川 安積永盛 鉄道省 1931
0%
東輪西 東室蘭 鉄道省 1931
0%
両国橋 両国 鉄道省 1931
0%
程ヶ谷 保土ケ谷 鉄道省 1931
0%
大河地蔵前 大河 鉄道省 1931
0%
柿の木坂 府立高等前 東京横浜電鉄 1931
0%
府立高等前 府立高等 東京横浜電鉄 1931
0%
妙蓮寺前 妙蓮寺 東京横浜電鉄 1931
0%
本横浜 高島町 東京横浜電鉄 1931
0%
浅草 業平橋 東武鉄道 1931
0%
鞆鉄福山 三ノ丸 鞆鉄道 1931
0%
晒屋 本滑川 富山電気鉄道 1931
0%
上市 上市口 富山電気鉄道 1931
0%
浦田 稚子塚 富山電気鉄道 1931
0%
小針 動物園前 名古屋市電気局 1931
0%
大丸 多摩聖蹟口 南武鉄道 1931
0%
己斐町 西広島 広島瓦斯電軌 1931
0%
大泉 大泉東 北勢鉄道 1931
0%
阿下喜東 六石 北勢鉄道 1931
0%
野蒜 東北須磨 宮城電気鉄道 1931
0%
飫肥 東飫肥 宮崎県営鉄道 1931
0%
美濃電柳ヶ瀬 岐阜柳ヶ瀬 名岐鉄道 1931
0%
丸子多摩川 多摩川園前 目黒蒲田電鉄 1931
0%
五日市町 電車五日市 広島瓦斯電軌 1931
0%
廿日市町 電車廿日市 広島瓦斯電軌 1931
0%
志度 志度駅前 四国水力電気 1931
0%
東六号 愛電築港 愛知電気鉄道 1932
0%
西六号 東名古屋港 愛知電気鉄道 1932
0%
伊達 大黒沢 飯山鉄道 1932
0%
新湊東口 東新湊 越中鉄道 1932
0%
花園 大軌花園 大阪電気軌道 1932
0%
西大寺 大軌西大寺 大阪電気軌道 1932
0%
山本 大軌山本 大阪電気軌道 1932
0%
愛宕神社前 北九州鉄道 1932
0%
多磨 市公園墓地前 京王電気軌道 1932
0%
北沢 上北沢 京王電気軌道 1932
0%
小部 鈴蘭台 神戸有馬電気鉄道 1932
0%
白河町 白棚白河 白棚鉄道 1932
0%
永沼 南桜井 総武鉄道 1932
0%
東小千谷 小千谷 鉄道省 1932
0%
小千谷 西小千谷 鉄道省 1932
0%
朝山 出雲高松 鉄道省 1932
0%
太尾 大倉山 東京横浜電鉄 1932
0%
膝折 朝霞 東武鉄道 1932
0%
本滑川 中滑川 富山電気鉄道 1932
0%
竹原 信濃竹原 長野電鉄 1932
0%
千種 千種駅前 名古屋市電気局 1932
0%
堀田 堀田駅前 名古屋市電気局 1932
0%
是政多摩川 南武是政 南武鉄道 1932
0%
新鶴来 天狗山 能美電気鉄道 1932
0%
信達 阪和砂川 阪和電気鉄道 1932
0%
中之島 阪和中之島 阪和電気鉄道 1932
0%
堺市 阪和堺 阪和電気鉄道 1932
0%
葛葉稲荷 阪和葛葉 阪和電気鉄道 1932
0%
土生郷 阪和岸和田 阪和電気鉄道 1932
0%
石巻 宮電石巻 宮城電気鉄道 1932
0%
二軒家 薬専前 名岐鉄道 1932
0%
阿波大寺 板西 阿波鉄道 1933
0%
市場 阿波市場 阿波鉄道 1933
0%
ゑびす前 蛭子前 阿波鉄道 1933
0%
御嶽山前 御嶽山 池上電気鉄道 1933
0%
宮野下 伊予宮野下 宇和島鉄道 1933
0%
中野 二名 宇和島鉄道 1933
0%
吉野 吉野生 宇和島鉄道 1933
0%
駒川 今川 大阪鉄道 1933
0%
天美車庫前 河内天美 大阪鉄道 1933
0%
御陵前 応神御陵前 大阪鉄道 1933
0%
誉田 誉田八幡 大阪鉄道 1933
0%
太子口喜志 喜志 大阪鉄道 1933
0%
学校前 富田林西口 大阪鉄道 1933
0%
廿山 川西 大阪鉄道 1933
0%
北沢車庫前 京王車庫前 京王電気軌道 1933
0%
十日市 備後十日市 芸備鉄道 1933
0%
木戸 備後木戸 芸備鉄道 1933
0%
三日市 備後三日市 芸備鉄道 1933
0%
海岸 大森海岸 京浜電気鉄道 1933
0%
外宮前 宮町 参宮急行電鉄 1933
0%
江尻新道 清水相生町 静岡電気鉄道 1933
0%
下原 鬼怒立岩 下野電気鉄道 1933
0%
北程ヶ谷 星川 神中鉄道 1933
0%
星川 上星川 神中鉄道 1933
0%
鎌倉町 上熊谷 秩父鉄道 1933
0%
長浜町 伊予長浜 鉄道省 1933
0%
加屋 伊予白滝 鉄道省 1933
0%
野球場前 南宇都宮 東武鉄道 1933
0%
市役所前 武平町 名古屋市電気局 1933
0%
横川 横川町 広浜鉄道 1933
0%
可部町 広浜可部 広浜鉄道 1933
0%
大師 長束 広浜鉄道 1933
0%
長束 山本 広浜鉄道 1933
0%
福井市 福井新 福武電気鉄道 1933
0%
村山公園 村山貯水池際 武蔵野鉄道 1933
0%
貫井 富士見台 武蔵野鉄道 1933
0%
石神井 石神井公園 武蔵野鉄道 1933
0%
東大泉 大泉学園 武蔵野鉄道 1933
0%
虎秀 東吾野 武蔵野鉄道 1933
0%
豊島 豊島園 武蔵野鉄道 1933
0%
上山口 山口貯水池 武蔵野鉄道 1933
0%
中丸山 緑ヶ丘 目黒蒲田電鉄 1933
0%
両備天王 上戸手 両備鉄道 1933
0%
秋月 日前宮 和歌山鉄道 1933
0%
山東 伊太祁曽 和歌山鉄道 1933
0%
上境 野沢温泉 飯山鉄道 1934
0%
部田 伊勢電津 伊勢電気鉄道 1934
0%
入舟町 入舟 伊那電気鉄道 1934
0%
聯隊橋 新富山 越中鉄道 1934
0%
六呂師口 下新井六呂師口 京都電燈 1934
0%
代々幡 幡ヶ谷本町 京王電気軌道 1934
0%
吉井 肥前吉井 佐世保鉄道 1934
0%
三輪村 三信三輪 三信鉄道 1934
0%
湯江 島鉄湯江 島原鉄道 1934
0%
御手洗 広角 新宮鉄道 1934
0%
佐野村 秋津野 新宮鉄道 1934
0%
天満 紀伊天満 新宮鉄道 1934
0%
社名淵 開盛 鉄道省 1934
0%
清水 十勝清水 鉄道省 1934
0%
上相ノ内 相ノ内 鉄道省 1934
0%
相ノ内 東相ノ内 鉄道省 1934
0%
三島 下土狩 鉄道省 1934
0%
川口 岩手川口 鉄道省 1934
0%
川口町 川口 鉄道省 1934
0%
塩町 神杉 鉄道省 1934
0%
田幸 塩町 鉄道省 1934
0%
莇原 多久 鉄道省 1934
0%
馬町 諏訪神社下 長崎電気軌道 1934
0%
毘沙門 上日置 南薩鉄道 1934
0%
清洲 清洲町 名岐鉄道 1934
0%
戸羽川 下岩崎 名岐鉄道 1934
0%
継子渕 戸羽川 名岐鉄道 1934
0%
大東町 出雲大東 簸上鉄道 1934
0%
富沢 西多賀 秋保電気軌道 1935
0%
野里 大隅野里 大隅鉄道 1935
0%
川西 大隅川西 大隅鉄道 1935
0%
高山 大隅高山 大隅鉄道 1935
0%
野菜町通 金生町 鹿児島市交通課 1935
0%
大江車庫前 電気局前 熊本市電気局 1935
0%
水前寺駅前 水前寺駅通 熊本市電気局 1935
0%
松原 明大前 京王電気軌道 1935
0%
相模横山 本上溝 相模鉄道 1935
0%
佐久間 中部天竜 三信鉄道 1935
0%
佐久間水窪口 佐久間 三信鉄道 1935
0%
舞子 舞子公園 山陽電気鉄道 1935
0%
山田 舞子 山陽電気鉄道 1935
0%
赤崎村 備前赤崎 下津井鉄道 1935
0%
横山 尾張横山 瀬戸電気鉄道 1935
0%
西松原 明大前 帝都電鉄 1935
0%
東駒場 一高前 帝都電鉄 1935
0%
宍粟 豪渓 鉄道省 1935
0%
小鉾岸 大岸 鉄道省 1935
0%
辨辺 豊浦 鉄道省 1935
0%
次郎ヶ別府 日向住吉 鉄道省 1935
0%
芳雄 新飯塚 鉄道省 1935
0%
重石 肥前池野 鉄道省 1935
0%
菅谷 武蔵嵐山 東武鉄道 1935
0%
西村 初芝 南海鉄道 1935
0%
各務補給部前 航空廠前 名岐鉄道 1935
0%
伊勢電津 部田 伊勢電気鉄道 1936
0%
土佐堀船町 肥後橋 大阪市電気局 1936
0%
佐里温泉 松浦温泉 北九州鉄道 1936
0%
東辛島町 辛島町 熊本市電気局 1936
0%
辛島町 西辛島町 熊本市電気局 1936
0%
谷津海岸 谷津遊園 京成電気軌道 1936
0%
大芝公園口 三滝 広浜鉄道 1936
0%
中里 肥前中里 佐世保鉄道 1936
0%
四ツ指 四ツ井樋 佐世保鉄道 1936
0%
神田 肥前神田 佐世保鉄道 1936
0%
黒石 肥前黒石 佐世保鉄道 1936
0%
村山貯水池 武蔵大和 多摩湖鉄道 1936
0%
赤石 阿波赤石 鉄道省 1936
0%
碑文谷 青山師範 東京横浜電鉄 1936
0%
病院下 病院前 長崎電気軌道 1936
0%
浦五島町 五島町 長崎電気軌道 1936
0%
諏訪神社下 諏訪神社前 長崎電気軌道 1936
0%
西岡崎 岡崎公園前 名古屋鉄道 1936
0%
笠松 西笠松 名古屋鉄道 1936
0%
神戸 三宮 阪神電気鉄道 1936
0%
阪和中之島 紀伊中ノ島 阪和電気鉄道 1936
0%
白旗前 白旗城址前 東野鉄道 1936
0%
観音町 西天満町 広島瓦斯電軌 1936
0%
長束 安芸長束 広浜鉄道 1936
0%
山本 安芸山本 広浜鉄道 1936
0%
太田川橋 上八木 広浜鉄道 1936
0%
中島 安芸中島 広浜鉄道 1936
0%
広浜可部 可部 広浜鉄道 1936
0%
慶大グラウンド前 千鳥町 目黒蒲田電鉄 1936
0%
戸越 下神明 目黒蒲田電鉄 1936
0%
蛇窪 戸越公園 目黒蒲田電鉄 1936
0%
東調布 久ヶ原 目黒蒲田電鉄 1936
0%
本門寺道 道塚 目黒蒲田電鉄 1936
0%
渋谷区役所前 氷川神社前 玉川電気鉄道 1936
0%
塩浜 楽々園 広島瓦斯電軌 1936
0%
新地通 海岸通 土佐電気 1936
0%
新地 海岸通終点 土佐電気 1936
0%
本町筋一丁目 本丁筋一丁目 土佐電気 1936
0%
本町筋二丁目 本丁筋二丁目 土佐電気 1936
0%
本町筋三丁目 本丁筋三丁目 土佐電気 1936
0%
本町筋四丁目 本丁筋四丁目 土佐電気 1936
0%
本町筋五丁目 本丁筋五丁目 土佐電気 1936
0%
畝傍山 神武御陵前 大阪電気軌道 1937
0%
東田町 郵便局前 岡山電気軌道 1937
0%
千駄ヶ谷新田 小田急本社前 小田原急行鉄道 1937
0%
新座間 座間遊園 小田原急行鉄道 1937
0%
神社前 加賀一の宮 金沢電気軌道 1937
0%
幡随院 肥前久保 北九州鉄道 1937
0%
福岡簑島 筑前簑島 北九州鉄道 1937
0%
新高砂 筑前高宮 北九州鉄道 1937
0%
西新町 西新 北九州鉄道 1937
0%
筑前庄 北九州鉄道 1937
0%
姪ノ浜 姪浜 北九州鉄道 1937
0%
糸島中学前 浦志 北九州鉄道 1937
0%
前原 筑前前原 北九州鉄道 1937
0%
深江海岸 深江浜 北九州鉄道 1937
0%
松浦温泉 佐里 北九州鉄道 1937
0%
松浦 桃川 北九州鉄道 1937
0%
関戸 聖蹟桜ヶ丘 京王電気軌道 1937
0%
上高井戸 芦花公園 京王電気軌道 1937
0%
四谷新宿 京王新宿 京王電気軌道 1937
0%
停車場前 省線新宿駅前 京王電気軌道 1937
0%
京王車庫前 桜上水 京王電気軌道 1937
0%
市公園墓地前 多磨霊園 京王電気軌道 1937
0%
百草 百草園 京王電気軌道 1937
0%
高幡 高幡不動 京王電気軌道 1937
0%
幡ヶ谷本町 幡代 京王電気軌道 1937
0%
松沢 八幡山 京王電気軌道 1937
0%
八幡前 東府中 京王電気軌道 1937
0%
多摩川原 京王多摩川 京王電気軌道 1937
0%
横山 武蔵横山 京王電気軌道 1937
0%
御陵前 多摩御陵前 京王電気軌道 1937
0%
馬場 膳所駅前 京阪電気鉄道 1937
0%
川立 上川立 芸備鉄道 1937
0%
戸島 安芸戸島 芸備鉄道 1937
0%
長田 下長田 芸備鉄道 1937
0%
三田吉永 上三田 芸備鉄道 1937
0%
矢口 安芸矢口 芸備鉄道 1937
0%
小田 安芸小田 芸備鉄道 1937
0%
中山 安芸中山 芸備鉄道 1937
0%
舞子 西舞子 山陽電気鉄道 1937
0%
おかめ前 北細野 信濃鉄道 1937
0%
池田松川 信濃松川 信濃鉄道 1937
0%
昭和 南大町 信濃鉄道 1937
0%
北仙台 社北仙台 仙台鉄道 1937
0%
西駒場 駒場 帝都電鉄 1937
0%
愛宕町 安芸愛宕 鉄道省 1937
0%
女子商業前 南段原 鉄道省 1937
0%
兵器支廠前 比治山 鉄道省 1937
0%
大河 下大河 鉄道省 1937
0%
人絹裏 下丹那 鉄道省 1937
0%
油津 元油津 鉄道省 1937
0%
桐野 筑前宮田 鉄道省 1937
0%
中野 多々良 東武鉄道 1937
0%
衛戍病院前 西富山口 富山市電軌課 1937
0%
桜橋北詰 電気ビル前 富山市電軌課 1937
0%
名古屋駅前 笹島町(元名古屋駅前) 名古屋市電気局 1937
0%
笹島町(元名古屋駅前) 笹島町 名古屋市電気局 1937
0%
大津町 大津橋 名古屋市電気局 1937
0%
動物園前 鶴舞公園南口 名古屋市電気局 1937
0%
鮎川 羽後鮎川 横荘鉄道 1937
0%
黒沢 羽後黒沢 横荘鉄道 1937
0%
新大橋西詰 富山大橋西詰 富山市電軌課 1937
0%
下高井戸 日大前 京王電気軌道 1938
0%
花壇前 千里山遊園 京阪電気鉄道 1938
0%
香里 香里園 京阪電気鉄道 1938
0%
座間新戸 陸士前 相模鉄道 1938
0%
水泳場前 入野 上信電気鉄道 1938
0%
八橋 東八橋 鉄道省 1938
0%
蓮池町 蓮池町通 土佐電気 1938
0%
帯田 桟橋通二丁目 土佐電気 1938
0%
桟橋通二丁目 桟橋通一丁目 土佐電気 1938
0%
中堤 桟橋通四丁目 土佐電気 1938
0%
桟橋 桟橋五丁目 土佐電気鉄道 1938
0%
岩瀬港 岩瀬浜 富岩鉄道 1938
0%
愛電長沢 名電長沢 名古屋鉄道 1938
0%
愛電赤坂 名電赤坂 名古屋鉄道 1938
0%
一聯隊前 各務原運動場前 名古屋鉄道 1938
0%
飛行団前 六軒 名古屋鉄道 1938
0%
航空廠前 三柿野 名古屋鉄道 1938
0%
二聯隊前 名電各務原 名古屋鉄道 1938
0%
仁徳御陵前 百舌鳥御陵前 阪和電気鉄道 1938
0%
内船南部 内船 富士身延鉄道 1938
0%
下山波高島 波高島 富士身延鉄道 1938
0%
西条常永 常永 富士身延鉄道 1938
0%
甲府住吉 甲斐住吉 富士身延鉄道 1938
0%
松井村 所沢飛行場 武蔵野鉄道 1938
0%
余市市場 市場余市 余市臨港軌道 1938
0%
海岸通終点 若松町 土佐電気 1938
0%
海岸通 若松町通 土佐電気 1938
0%
三条通 知寄町一丁目 土佐電気 1938
0%
下知 宝永町 土佐電気 1938
0%
大鋸屋橋通 菜園場町 土佐電気 1938
0%
中須賀 旭町一丁目 土佐電気 1938
0%
赤石前 旭駅前通 土佐電気 1938
0%
下島 旭町三丁目 土佐電気 1938
0%
荒谷 市野々 永平寺鉄道 1939
0%
東新湊 東新湊高周波前 越中鉄道 1939
0%
熊ノ前 王電熊ノ前 王子電気軌道 1939
0%
荒川遊園前 尾久六丁目 王子電気軌道 1939
0%
阪神電車前 阪神西口 大阪市電気局 1939
0%
阪急電車前 阪急阪神前 大阪市電気局 1939
0%
湊橋 江戸堀北通五丁目 大阪市電気局 1939
0%
神武御陵前 畝傍御陵前 大阪電気軌道 1939
0%
信貴電磐船 交電磐船 交野電気鉄道 1939
0%
福岡 九鉄福岡 九州鉄道 1939
0%
平尾 九鉄平尾 九州鉄道 1939
0%
雑餉隈 九鉄雑餉隈 九州鉄道 1939
0%
二日市 九鉄二日市 九州鉄道 1939
0%
小郡 九鉄小郡 九州鉄道 1939
0%
久留米 九鉄久留米 九州鉄道 1939
0%
柳河 九鉄柳河 九州鉄道 1939
0%
中島 九鉄中島 九州鉄道 1939
0%
渡瀬 九鉄渡瀬 九州鉄道 1939
0%
栄町 九鉄栄町 九州鉄道 1939
0%
湯ノ楚 湯納楚 九州鉄道 1939
0%
宮ノ陣学校前 学校前 九州鉄道 1939
0%
恋ノ段 鯉段 九州鉄道 1939
0%
二王丸 仁王丸 九州鉄道 1939
0%
神宮裏 西参道 京王電気軌道 1939
0%
谷津遊園 谷津海岸 京成電気軌道 1939
0%
八幡 石清水八幡宮前 京阪電気鉄道 1939
0%
稲荷 稲荷神社前 京阪電気鉄道 1939
0%
上牧桜井ノ駅 上牧 京阪電気鉄道 1939
0%
岩槻町 岩槻 総武鉄道 1939
0%
稚内 南稚内 鉄道省 1939
0%
稚内港 稚内 鉄道省 1939
0%
下孫 常陸多賀 鉄道省 1939
0%
助川 日立 鉄道省 1939
0%
新舞鶴 東舞鶴 鉄道省 1939
0%
青山四丁目 外苑前 東京高速鉄道 1939
0%
青山六丁目 神宮前 東京高速鉄道 1939
0%
玉川 よみうり遊園 東京横浜電鉄 1939
0%
招魂社裏 護国神社前 富山市電軌課 1939
0%
末広町 出島岸壁前 長崎電気軌道 1939
0%
岩井町 金沢町 名古屋市電気局 1939
0%
城山 末盛通二丁目 名古屋市電気局 1939
0%
昭和熟堂前 城山 名古屋市電気局 1939
0%
三木東口 上の丸 三木電気鉄道 1939
0%
青島温泉 子供の国 宮崎鉄道 1939
0%
西山 西太子堂 目黒蒲田電鉄 1939
0%
若林 玉電若林 目黒蒲田電鉄 1939
0%
山下 玉電山下 目黒蒲田電鉄 1939
0%
池尻 玉電池尻 目黒蒲田電鉄 1939
0%
中里 玉電中里 目黒蒲田電鉄 1939
0%
瀬田 玉電瀬田 目黒蒲田電鉄 1939
0%
飛行場 御園 近江鉄道 1940
0%
久米寺 橿原神宮駅 大阪鉄道 1940
0%
大和池尻 橿原神宮西口 大阪鉄道 1940
0%
鷲尾 孔舎衛坂 大阪電気軌道 1940
0%
通信学校 相模大野 小田原急行鉄道 1940
0%
関急八田 参急八田 関西急行電鉄 1940
0%
関急蟹江 参急蟹江 関西急行電鉄 1940
0%
関急弥富 参急弥富 関西急行電鉄 1940
0%
関急長島 参急長島 関西急行電鉄 1940
0%
到津橋 到津車庫前 九州電気軌道 1940
0%
春竹駅前 南熊本駅前 熊本市電気局 1940
0%
臨時競馬場前 東府中 京王電気軌道 1940
0%
兵営前 別所 京阪電気鉄道 1940
0%
吹田町 京阪吹田 京阪電気鉄道 1940
0%
大河原 相模町 相模鉄道 1940
0%
陸士前 座間町 相模鉄道 1940
0%
座間町 相武台下 相模鉄道 1940
0%
軍需部前 安針塚 湘南電気鉄道 1940
0%
横須賀軍港 横須賀汐留 湘南電気鉄道 1940
0%
所沢飛行場前 所沢御幸町 西武鉄道 1940
0%
舞坂 舞阪 鉄道省 1940
0%
壺阪 掖上 鉄道省 1940
0%
福治 肥前白石 鉄道省 1940
0%
頭成 豊後豊岡 鉄道省 1940
0%
春竹 南熊本 鉄道省 1940
0%
長尾 桂川 鉄道省 1940
0%
二子玉川 二子読売園 東京横浜電鉄 1940
0%
よみうり遊園 二子読売園 東京横浜電鉄 1940
0%
川越西町 川越 東武鉄道 1940
0%
練兵場前 県立富山工業学校前 富山市電軌課 1940
0%
聯隊前 五福 富山市電軌課 1940
0%
城南宮前 奈良電竹田 奈良電気鉄道 1940
0%
向河原 日本電気前 南武鉄道 1940
0%
越後山王 七穂 新潟電鉄 1940
0%
兵営 中央 福武電気鉄道 1940
0%
長町裏町 東北特殊鋼 秋保電気軌道 1941
0%
東倶知安 東京極 胆振縦貫鉄道 1941
0%
大軌永和 河内永和 大阪電気軌道 1941
0%
大軌小阪 河内小阪 大阪電気軌道 1941
0%
大軌花園 河内花園 大阪電気軌道 1941
0%
大軌生駒 関急生駒 大阪電気軌道 1941
0%
大軌西大寺 大和西大寺 大阪電気軌道 1941
0%
大軌奈良 関急奈良 大阪電気軌道 1941
0%
大軌郡山 関急郡山 大阪電気軌道 1941
0%
大軌法隆寺 関急法隆寺 大阪電気軌道 1941
0%
大軌八尾 関急八尾 大阪電気軌道 1941
0%
大軌山本 河内山本 大阪電気軌道 1941
0%
憲兵隊前 一番町 岡山電気軌道 1941
0%
代々幡上原 代々木上原 小田急電鉄 1941
0%
中央林間都市 中央林間 小田急電鉄 1941
0%
南林間都市 南林間 小田急電鉄 1941
0%
上野町 上野市 関西急行鉄道 1941
0%
富雄 鵄邑 関西急行鉄道 1941
0%
師団前 藤森 京阪電気鉄道 1941
0%
錦織 近江神宮前 京阪電気鉄道 1941
0%
神宮道 平安神宮前 京阪電気鉄道 1941
0%
比良口 蓬莱 江若鉄道 1941
0%
高松 琴電高松 琴平電鉄 1941
0%
参急石橋 伊勢石橋 参宮急行電鉄 1941
0%
参急中川 伊勢中川 参宮急行電鉄 1941
0%
参急名古屋 関急名古屋 参宮急行電鉄 1941
0%
参急八田 関急八田 参宮急行電鉄 1941
0%
参急蟹江 関急蟹江 参宮急行電鉄 1941
0%
参急弥富 関急弥富 参宮急行電鉄 1941
0%
参急長島 関急長島 参宮急行電鉄 1941
0%
西富田 関急富田 参宮急行電鉄 1941
0%
参急中原 伊勢中原 参宮急行電鉄 1941
0%
日鉄前 広畑 山陽電気鉄道 1941
0%
味野町 味野 下津井鉄道 1941
0%
村山貯水池前 狭山公園 西武鉄道 1941
0%
虹ヶ浜 鉄道省 1941
0%
北畑 覚王山通一丁目 名古屋市電気局 1941
0%
六反小学校前 六反学校前 名古屋市電気局 1941
0%
馬寄 石刀 名古屋鉄道 1941
0%
新知立 知立 名古屋鉄道 1941
0%
聯隊前 二十軒家 名古屋鉄道 1941
0%
平坂 平坂口 名古屋鉄道 1941
0%
港前 平坂 名古屋鉄道 1941
0%
兵営前 北一色 名古屋鉄道 1941
0%
阪和天王寺 南海天王寺 南海鉄道 1941
0%
阪和鶴ケ丘 南海鶴ケ丘 南海鉄道 1941
0%
阪和浅香山 山手浅香山 南海鉄道 1941
0%
阪和堺 堺金岡 南海鉄道 1941
0%
阪和浜寺 山手羽衣 南海鉄道 1941
0%
阪和葛葉 葛葉稲荷 南海鉄道 1941
0%
阪和岸和田 東岸和田 南海鉄道 1941
0%
阪和砂川 砂川園 南海鉄道 1941
0%
阪和東和歌山 南海東和歌山 南海鉄道 1941
0%
葛󠄀葉 高石町 南海鉄道 1941
0%
薩摩大崎町 薩摩万世 南薩鉄道 1941
0%
山口貯水池 上山口 武蔵野鉄道 1941
0%
東新湊高周波前 高周波前 越中鉄道 1942
0%
下尾久 尾久町一丁目 王子電気軌道 1942
0%
蓮昌寺前 市役所前 岡山電気軌道 1942
0%
九鉄福岡 西鉄福岡 九州電気軌道 1942
0%
九鉄平尾 西鉄平尾 九州電気軌道 1942
0%
九鉄雑餉隈 西鉄雑餉隈 九州電気軌道 1942
0%
九鉄二日市 西鉄二日市 九州電気軌道 1942
0%
九鉄小郡 西鉄小郡 九州電気軌道 1942
0%
九鉄柳河 西鉄柳河 九州電気軌道 1942
0%
九鉄中島 西鉄中島 九州電気軌道 1942
0%
九鉄栄町 西鉄栄町 九州電気軌道 1942
0%
大坂町 魚町 九州電気軌道 1942
0%
新八幡 京成八幡 京成電気軌道 1942
0%
浜海岸 帝大工学部前 京成電気軌道 1942
0%
新森小路 森小路 京阪電気鉄道 1942
0%
森小路千林 千林 京阪電気鉄道 1942
0%
昭和産業 四之宮口 相模鉄道 1942
0%
行啓道路 行啓道路護国神社前 札幌市電気局 1942
0%
曲金 護国神社前 静岡電気鉄道 1942
0%
新志免 志免 筑前参宮鉄道 1942
0%
灯台前 犬吠 銚子鉄道 1942
0%
本郷 渡島大野 鉄道省 1942
0%
下頃部 新吉野 鉄道省 1942
0%
敷生 竹浦 鉄道省 1942
0%
知床 萩野 鉄道省 1942
0%
辺別 西神楽 鉄道省 1942
0%
野付牛 北見 鉄道省 1942
0%
中泉 磐田 鉄道省 1942
0%
尾去沢 土深井 鉄道省 1942
0%
秋津野 紀伊佐野 鉄道省 1942
0%
大宮町 富士宮 鉄道省 1942
0%
大宮西町 西富士宮 鉄道省 1942
0%
宮島 宮島口 鉄道省 1942
0%
麻里布 岩国 鉄道省 1942
0%
岩国 西岩国 鉄道省 1942
0%
那波 相生 鉄道省 1942
0%
門司 門司港 鉄道省 1942
0%
大里 門司 鉄道省 1942
0%
矢部川 瀬高町 鉄道省 1942
0%
井手ノ上 南瀬高 鉄道省 1942
0%
大淀 南宮崎 鉄道省 1942
0%
添田 西添田 鉄道省 1942
0%
湘南逗子沼間口 湘南逗子 東京急行電鉄 1942
0%
追分 楽田原 名古屋鉄道 1942
0%
大津 泉大津 南海鉄道 1942
0%
香椎福日園前 運動場前 博多湾鉄道汽船 1942
0%
鈴蘭ダンスホール前 小部西口 三木電気鉄道 1942
0%
広野ゴルフ場前 広野新開 三木電気鉄道 1942
0%
遠幌加別 遠幌 三菱鉱業 1942
0%
伊那川路 川路 伊那電気鉄道 1943
0%
元善光寺 座光寺 伊那電気鉄道 1943
0%
南新町 伊那新町 伊那電気鉄道 1943
0%
長沢 長門長沢 宇部鉄道 1943
0%
本山 長門本山 宇部鉄道 1943
0%
セメント町 小野田港 小野田鉄道 1943
0%
千里山遊園 千里山厚生園 京阪神急行電鉄 1943
0%
運動場前 豊野 京阪電気鉄道 1943
0%
天文台下 九条山 京阪電気鉄道 1943
0%
京阪京都 京都 京阪電気鉄道 1943
0%
京阪吹田 吹田東口 京阪電気鉄道 1943
0%
東吹田 吹田 京阪電気鉄道 1943
0%
西吹田 市役所前 京阪電気鉄道 1943
0%
大溝 高島町 江若鉄道 1943
0%
上香春 香春 小倉鉄道 1943
0%
梅田 大任 小倉鉄道 1943
0%
宮床 糸田 産業セメント鉄道 1943
0%
三信三輪 三河長岡 三信鉄道 1943
0%
兵庫 電鉄兵庫 山陽電気鉄道 1943
0%
須磨駅前 電鉄須磨 山陽電気鉄道 1943
0%
垂水 電鉄垂水 山陽電気鉄道 1943
0%
姫路駅前 電鉄姫路 山陽電気鉄道 1943
0%
府立家政 都立家政 西武鉄道 1943
0%
柏競馬場前 北柏 総武鉄道 1943
0%
基坂下 末広町 大日本電力 1943
0%
工業学校前 鶴見小野 鶴見臨港鉄道 1943
0%
安善通 安善 鶴見臨港鉄道 1943
0%
上赤平 赤平 鉄道省 1943
0%
機織 東能代 鉄道省 1943
0%
羽後東雲 北能代 鉄道省 1943
0%
宇部 西宇部 鉄道省 1943
0%
萬田 荒尾 鉄道省 1943
0%
青山師範 第一師範 東京急行電鉄 1943
0%
府立高等 都立高校 東京急行電鉄 1943
0%
新子安 京浜新子安 東京急行電鉄 1943
0%
上市口 上市 富山地方鉄道 1943
0%
堀川新 南富山 富山地方鉄道 1943
0%
奥田中島 越中中島 富山地方鉄道 1943
0%
日満工場前 大広田 富山地方鉄道 1943
0%
岩瀬埠頭 富山港 富山地方鉄道 1943
0%
日曹工場前 奥田 富山地方鉄道 1943
0%
堀川新駅前 南富山駅前 富山地方鉄道 1943
0%
新船町 船町 豊川鉄道 1943
0%
江島渡 江島 豊川鉄道 1943
0%
川路 三河東郷 豊川鉄道 1943
0%
長篠 大海 豊川鉄道 1943
0%
藤ノ棚 太閤通三丁目 名古屋市電気局 1943
0%
笠寺 本笠寺 名古屋鉄道 1943
0%
吉田 豊橋 名古屋鉄道 1943
0%
中島 三河中島 名古屋鉄道 1943
0%
ライン遊園 土田 名古屋鉄道 1943
0%
師団口 高師口 名古屋鉄道 1943
0%
兵器廠前 町畑 名古屋鉄道 1943
0%
播鉄大門 青野ケ原 播丹鉄道 1943
0%
播鉄社 社町 播丹鉄道 1943
0%
播鉄滝野 滝野 播丹鉄道 1943
0%
播鉄中村 中村町 播丹鉄道 1943
0%
高砂浦 高砂港 播丹鉄道 1943
0%
曽根田 電鉄福島 福島電気鉄道 1943
0%
清水役場前 岩代清水 福島電気鉄道 1943
0%
小沼 三つ峠 富士山麓電気鉄道 1943
0%
長篠古城址 長篠城 鳳来寺鉄道 1943
0%
上鵡川 豊城 北海道鉄道 1943
0%
萠別 春日 北海道鉄道 1943
0%
生鼈 旭岡 北海道鉄道 1943
0%
似湾 北海道鉄道 1943
0%
杵臼 豊田 北海道鉄道 1943
0%
邊富内 富内 北海道鉄道 1943
0%
ニナルカ 静川 北海道鉄道 1943
0%
志度駅前 琴電志度 高松琴平電気鉄道 1943
0%
播鉄王子 播磨下里 播丹鉄道 1943
0%
信州浅野 信濃浅野 飯山鉄道 1944
0%
野沢温泉 上境 飯山鉄道 1944
0%
優園 北湯沢 胆振縦貫鉄道 1944
0%
川上温泉 南京極 胆振縦貫鉄道 1944
0%
西喜茂別 喜茂別 胆振縦貫鉄道 1944
0%
宇部新川 宇部 宇部鉄道 1944
0%
沖ノ山旧鉱 宇部港 宇部鉄道 1944
0%
佐瑠太 富川 運輸通信省 1944
0%
波恵 豊郷 運輸通信省 1944
0%
慶能舞 清畠 運輸通信省 1944
0%
幌内太 三笠 運輸通信省 1944
0%
久保 北中込 運輸通信省 1944
0%
幸震 大正 運輸通信省 1944
0%
篠山 篠山口 運輸通信省 1944
0%
新丸岡 本丸岡 永平寺鉄道 1944
0%
楽々園 三田村 青梅電気鉄道 1944
0%
本田通一丁目 本田町一丁目 大阪市電気局 1944
0%
関急生駒 近畿日本生駒 関西急行鉄道 1944
0%
関急奈良 近畿日本奈良 関西急行鉄道 1944
0%
関急郡山 近畿日本郡山 関西急行鉄道 1944
0%
関急田原本 近畿日本田原本 関西急行鉄道 1944
0%
関急八木 近畿日本八木 関西急行鉄道 1944
0%
関急法隆寺 近畿日本法隆寺 関西急行鉄道 1944
0%
関急蟹江 近畿日本蟹江 関西急行鉄道 1944
0%
関急弥富 近畿日本弥富 関西急行鉄道 1944
0%
関急長島 近畿日本長島 関西急行鉄道 1944
0%
関急富田 近畿日本富田 関西急行鉄道 1944
0%
関急新庄 近畿日本新庄 関西急行鉄道 1944
0%
下田 近畿日本下田 近畿日本鉄道 1944
0%
電気局前 交通局前 熊本市電気局 1944
0%
永平寺口 東古市 京福電気鉄道 1944
0%
太子前 太秦 京福電気鉄道 1944
0%
日東 北茅ケ崎 相模鉄道 1944
0%
上溝 番田 相模鉄道 1944
0%
本上溝 上溝 相模鉄道 1944
0%
相模町 南橋本 相模鉄道 1944
0%
四之宮口 西寒川 相模鉄道 1944
0%
須磨東口 東須磨 山陽電気鉄道 1944
0%
別府北口 電鉄別府 山陽電気鉄道 1944
0%
亀山御坊 電鉄亀山 山陽電気鉄道 1944
0%
日大前 下高井戸 東京急行電鉄 1944
0%
綱島温泉 綱島 東京急行電鉄 1944
0%
キリンビール前 キリン 東京急行電鉄 1944
0%
コロムビア前 港町 東京急行電鉄 1944
0%
味の素前 鈴木町 東京急行電鉄 1944
0%
久里浜 湘南久里浜 東京急行電鉄 1944
0%
河原口 厚木 東京急行電鉄 1944
0%
西大和 大和 東京急行電鉄 1944
0%
商工会議所前 大池町 名古屋市電気局 1944
0%
南海天王寺 天王寺 南海鉄道 1944
0%
南海東和歌山 東和歌山 南海鉄道 1944
0%
臨南寺前 長居 南海鉄道 1944
0%
我孫子観音前 我孫子町 南海鉄道 1944
0%
山手浅香山 浅香 南海鉄道 1944
0%
堺金岡 金岡 南海鉄道 1944
0%
百舌鳥御陵前 百舌鳥 南海鉄道 1944
0%
山手羽衣 東羽衣 南海鉄道 1944
0%
葛葉稲荷 北信太 南海鉄道 1944
0%
泉ケ丘 東佐野 南海鉄道 1944
0%
日本電気前 向河原 南武鉄道 1944
0%
グラウンド前 武蔵小杉 南武鉄道 1944
0%
日本ヒューム管前 津田山 南武鉄道 1944
0%
久地梅林 久地 南武鉄道 1944
0%
病院前 武蔵引田 南武鉄道 1944
0%
南和新庄町 関急新庄 南和電気鉄道 1944
0%
南和御所町 関急御所 南和電気鉄道 1944
0%
奈多 雁ノ巣 西日本鉄道 1944
0%
皆実町 皆実町三丁目 広島電鉄 1944
0%
碧海西尾口 西尾口 碧海電気鉄道 1944
0%
宮電仙台 仙台 宮城電気鉄道 1944
0%
東七番丁 仙台東口 宮城電気鉄道 1944
0%
西塩釜 西塩竈 宮城電気鉄道 1944
0%
本塩釜 本塩竈 宮城電気鉄道 1944
0%
浜田 陸前浜田 宮城電気鉄道 1944
0%
富山 陸前富山 宮城電気鉄道 1944
0%
大塚 陸前大塚 宮城電気鉄道 1944
0%
東北須磨 野蒜 宮城電気鉄道 1944
0%
宮電山下 陸前山下 宮城電気鉄道 1944
0%
宮電石巻 石巻 宮城電気鉄道 1944
0%
高知橋 廿代町 土佐交通 1944
0%
砂原 渡島砂原 運輸通信省 1945
0%
神埼 肥前神埼 運輸通信省 1945
0%
曽根 下曽根 運輸通信省 1945
0%
松江 豊前松江 運輸通信省 1945
0%
川崎 豊前川崎 運輸通信省 1945
0%
赤川町四丁目 高倉町三丁目 大阪市交通局 1945
0%
赤川町九丁目 赤川町三丁目 大阪市交通局 1945
0%
都島 都島車庫前 大阪市電気局 1945
0%
島村 越中荏原 富山地方鉄道 1945
0%
高周波前 東新湊 富山地方鉄道 1945
0%
山東永山 山東 和歌山鉄道 1945
0%
下芦別 芦別 運輸省 1946
0%
下生田原 安国 運輸省 1946
0%
上生田原 生田原 運輸省 1946
0%
鳥居松 春日井 運輸省 1946
0%
安房北条 館山 運輸省 1946
0%
東門 北吸 運輸省 1946
0%
猪飼野 大成通一丁目 大阪市交通局 1946
0%
生江町七丁目 城北公園前 大阪市交通局 1946
0%
千里山厚生園 千里山遊園 京阪神急行電鉄 1946
0%
世田ヶ谷中原 世田谷代田 東京急行電鉄 1946
0%
柏ヶ谷 大塚本町 東京急行電鉄 1946
0%
郵便局前 越前町 富山地方鉄道 1946
0%
広小路本町 広小路七丁目 名古屋市交通局 1946
0%
泥江橋 泥江町 名古屋市交通局 1946
0%
明道橋 明道町 名古屋市交通局 1946
0%
浄心前 浄心 名古屋市交通局 1946
0%
裁判所前 東外堀町 名古屋市交通局 1946
0%
米浜町 岩井通二丁目 名古屋市交通局 1946
0%
野口 市田 名古屋鉄道 1946
0%
二十軒家 守山町 名古屋鉄道 1946
0%
公会堂前 市役所前 広島電鉄 1946
0%
中央 神明 福井鉄道 1946
0%
三口 三ツ口 北陸鉄道 1946
0%
農場前 第一農場前 三菱鉱業 1946
0%
三田村 石神前 運輸省 1947
0%
大今里 今里 大阪市交通局 1947
0%
三菱工場前 健軍町 熊本市交通局 1947
0%
米谷浅水 米谷 仙北鉄道 1947
0%
水越 浅水 仙北鉄道 1947
0%
女学校前 小泉町 富山地方鉄道 1947
0%
中川町 新中川町 長崎電気軌道 1947
0%
藪下町 菊井通四丁目 名古屋市交通局 1947
0%
江川藪下 六句町 名古屋市交通局 1947
0%
禅隆寺前 飯田町 名古屋市交通局 1947
0%
名和村 名和 名古屋鉄道 1947
0%
病院前 南栄 名古屋鉄道 1947
0%
営所前 千代ヶ岱 函館市交通部 1947
0%
新川橋 警察署前 函館市交通部 1947
0%
鶴岡町 市役所前 函館市交通部 1947
0%
実践女学校前 鈴峯女専前 広島電鉄 1947
0%
舟入南町 江波口 広島電鉄 1947
0%
公会堂下 公園前 上田丸子電鉄 1948
0%
高江 新冠 運輸省 1948
0%
御油 愛知御津 運輸省 1948
0%
下野豊原 豊原 運輸省 1948
0%
川内下 白馬大池 運輸省 1948
0%
田名部 赤川 運輸省 1948
0%
蛭子前 撫養 運輸省 1948
0%
撫養 鳴門 運輸省 1948
0%
谷戸 腰越 江ノ島電気鉄道 1948
0%
千代崎橋 松島町二丁目 大阪市交通局 1948
0%
新小川 駒見 大沼電鉄 1948
0%
新本別 宮の浜 大沼電鉄 1948
0%
鹿部 鹿部温泉 大沼電鉄 1948
0%
樋之口町 市立病院前 鹿児島市交通部 1948
0%
信貴山口 東高安 近畿日本鉄道 1948
0%
谷津海岸 谷津遊園 京成電鉄 1948
0%
帝大工学部前 工学部前 京成電鉄 1948
0%
石清水八幡宮前 八幡町 京阪神急行電鉄 1948
0%
稲荷神社前 伏見稲荷 京阪神急行電鉄 1948
0%
近江神宮前 錦織 京阪神急行電鉄 1948
0%
錦織 近江神宮前 京阪神急行電鉄 1948
0%
総持寺前 総持寺 京阪神急行電鉄 1948
0%
桜井ノ駅 水無瀬 京阪神急行電鉄 1948
0%
二高前 柏中学前 札幌市交通局 1948
0%
行啓道路護国神社前 行啓道路彰徳神社前 札幌市交通局 1948
0%
武井 新里 上毛電気鉄道 1948
0%
狭山公園 村山貯水池 西武鉄道 1948
0%
鳴神 新大津 東京急行電鉄 1948
0%
昭南 湘南井田 東京急行電鉄 1948
0%
萱町 松葉町 豊橋電気軌道 1948
0%
岩井通二丁目 西大須 名古屋市交通局 1948
0%
下野 扶桑 名古屋鉄道 1948
0%
駅前 岐阜駅前 名古屋鉄道 1948
0%
佐野 泉佐野 南海電気鉄道 1948
0%
桑名町 桑名京橋 三重交通 1948
0%
鷹取道 丸山 神有三木電気鉄道 1948
0%
上の丸 三木上の丸 神有三木電気鉄道 1948
0%
鹿部 鷹待 運輸省 1949
0%
神埼 尼崎 運輸省 1949
0%
塩見 福部 運輸省 1949
0%
湯町 玉造温泉 運輸省 1949
0%
神崎 尼崎 運輸省 1949
0%
尼ヶ崎 尼崎港 運輸省 1949
0%
伊佐 南大嶺 運輸省 1949
0%
鹿部温泉 鹿部 大沼電鉄 1949
0%
二中通 交通部前 鹿児島市交通部 1949
0%
七高前 大学病院前 鹿児島市交通部 1949
0%
平島 平島温泉 鹿本鉄道 1949
0%
市電川崎 省線川崎駅前 川崎市交通部 1949
0%
省線川崎駅前 市電川崎 川崎市交通部 1949
0%
蒲生 京橋 京阪神急行電鉄 1949
0%
枚方 枚方公園 京阪神急行電鉄 1949
0%
枚方東口 枚方市 京阪神急行電鉄 1949
0%
御陵前 桃山南口 京阪神急行電鉄 1949
0%
4丁目三越前 三越前 札幌市交通局 1949
0%
西11丁目 交通局前 札幌市交通局 1949
0%
行啓道路彰徳神社前 中島球場通彰徳神社前 札幌市交通局 1949
0%
中島球場通彰徳神社前 行啓道路彰徳神社前 札幌市交通局 1949
0%
公園通 中島公園通 札幌市交通局 1949
0%
薄野交番前 すすきの 札幌市交通局 1949
0%
愛野村 愛野 島原鉄道 1949
0%
商大予科前 一橋大学 西武鉄道 1949
0%
粕壁 春日部 東武鉄道 1949
0%
中学校前 西新湊 富山地方鉄道 1949
0%
赤十字病院角 東田地方 富山地方鉄道 1949
0%
公会堂前 市役所前 豊橋電気軌道 1949
0%
老松車庫前 老松町 名古屋市交通局 1949
0%
白山前 白山町 名古屋市交通局 1949
0%
覚王山通一丁目 千種橋東 名古屋市交通局 1949
0%
浄心 浄心町 名古屋市交通局 1949
0%
高岳院前 高岳町 名古屋市交通局 1949
0%
瑞穂通六丁目 瑞穂運動場前 名古屋市交通局 1949
0%
六反学校前 六反小学校前 名古屋市交通局 1949
0%
第二師範前 八幡口 名古屋鉄道 1949
0%
一色口 福地 名古屋鉄道 1949
0%
中学前 桜町前 名古屋鉄道 1949
0%
神谷 松木島 名古屋鉄道 1949
0%
農学校前 住吉町 名古屋鉄道 1949
0%
高濃 農大前 名古屋鉄道 1949
0%
各務原運動場前 運動場前 名古屋鉄道 1949
0%
土田 ライン遊園 名古屋鉄道 1949
0%
一宮 八幡町 名古屋鉄道 1949
0%
東洋紡績前 一宮病院前 名古屋鉄道 1949
0%
工業高校前 西中島 名古屋鉄道 1949
0%
平坂 港前 名古屋鉄道 1949
0%
上市場 細川 名古屋鉄道 1949
0%
清真布 栗沢 日本国有鉄道 1949
0%
淕別 陸別 日本国有鉄道 1949
0%
東八橋 浦安 日本国有鉄道 1949
0%
石見長浜 西浜田 日本国有鉄道 1949
0%
安芸三津 安芸津 日本国有鉄道 1949
0%
饅頭石 上伊集院 日本国有鉄道 1949
0%
五稜郭 五稜郭公園前 函館市交通部 1949
0%
市役所裏 労働会館前 函館市交通部 1949
0%
西芦別 三井芦別 三井鉱山専用鉄道 1949
0%
下芦別 芦別 三井鉱山専用鉄道 1949
0%
子供の国 こどものくに 宮崎交通 1949
0%
六万寺 牟礼 高松琴平電気鉄道 1949
0%
遊園地 将軍野 秋田市交通課 1950
0%
日坂 鎌倉高校前 江ノ島鎌倉観光 1950
0%
天王寺公園南口 動物園前 大阪市交通局 1950
0%
羽津 霞ヶ浦 近畿日本鉄道 1950
0%
京成花輪 船橋競馬場前 京成電鉄 1950
0%
千里山遊園 女子学院前 京阪神急行電鉄 1950
0%
石山寺 石山螢谷 京阪電気鉄道 1950
0%
古川町 東山三条 京阪電気鉄道 1950
0%
師範前 学芸大学前 札幌市交通局 1950
0%
行啓道路彰徳神社前 行啓通 札幌市交通局 1950
0%
早月 越中中村 富山地方鉄道 1950
0%
小泉町 堀川小泉 富山地方鉄道 1950
0%
練兵場前 球場前 豊橋交通 1950
0%
薬専前 薬大前 名古屋鉄道 1950
0%
新博多 西鉄博多 西日本鉄道 1950
0%
新香椎 西鉄香椎 西日本鉄道 1950
0%
筑前福間 西鉄福間 西日本鉄道 1950
0%
錦多峰 錦岡 日本国有鉄道 1950
0%
猿間川 中斜里 日本国有鉄道 1950
0%
旭野 西女満別 日本国有鉄道 1950
0%
関本 大津港 日本国有鉄道 1950
0%
天王新田 月岡 日本国有鉄道 1950
0%
座光寺 元善光寺 日本国有鉄道 1950
0%
東岩瀬 東富山 日本国有鉄道 1950
0%
阿知須 本由良 日本国有鉄道 1950
0%
本阿知須 阿知須 日本国有鉄道 1950
0%
上老松 伊予出石 日本国有鉄道 1950
0%
西宇 小歩危 日本国有鉄道 1950
0%
阿波赤野 大歩危 日本国有鉄道 1950
0%
久里 日本国有鉄道 1950
0%
上久里 久里 日本国有鉄道 1950
0%
北由布 由布院 日本国有鉄道 1950
0%
草津町 草津 広島電鉄 1950
0%
鈴峯女専前 鈴峯女子大前 広島電鉄 1950
0%
大名町 本町通り 福井鉄道 1950
0%
車庫前 北鉄本社前 北陸鉄道 1950
0%
第一農場前 明石町 三菱鉱業 1950
0%
舌辛 阿寒 雄別炭礦鉄道 1950
0%
田中道 農大前 高松琴平電気鉄道 1950
0%
屋島登山口 琴電屋島 高松琴平電気鉄道 1950
0%
本町公園通 公園通 土佐電気鉄道 1950
0%
繭市場前 遠州八幡 遠州鉄道 1951
0%
遠州島之郷 遠州曳馬 遠州鉄道 1951
0%
北堀江通四丁目 あみだ池 大阪市交通局 1951
0%
大阪駅前 阪急東口 大阪市交通局 1951
0%
土居町 太子橋 大阪市交通局 1951
0%
一高前 東大前 京王帝都電鉄 1951
0%
工学部前 黒砂 京成電鉄 1951
0%
女子学院前 花壇町 京阪神急行電鉄 1951
0%
新保 越前新保 京福電気鉄道 1951
0%
唐櫃 有馬温泉口 神戸電気鉄道 1951
0%
広野新開 広野ゴルフ場前 神戸電気鉄道 1951
0%
山下 信貴山口 信貴生駒電鉄 1951
0%
茸山 東山 信貴生駒電鉄 1951
0%
村山 狭山湖 西武鉄道 1951
0%
狭山公園前 多摩湖 西武鉄道 1951
0%
東洗足 旗の台 東京急行電鉄 1951
0%
武蔵常盤 ときわ台 東武鉄道 1951
0%
新倉 大和町 東武鉄道 1951
0%
栄町 竹鼻 名古屋鉄道 1951
0%
竹鼻 西竹鼻 名古屋鉄道 1951
0%
奔無加 金華 日本国有鉄道 1951
0%
住吉 幌内住吉 日本国有鉄道 1951
0%
誉平 天塩中川 日本国有鉄道 1951
0%
宇戸内 歌内 日本国有鉄道 1951
0%
初茶志内 天塩弥生 日本国有鉄道 1951
0%
金井 蔵王 日本国有鉄道 1951
0%
出戸 出戸浜 日本国有鉄道 1951
0%
池田 川西池田 日本国有鉄道 1951
0%
小林町 小林 日本国有鉄道 1951
0%
早雲館 上強羅 箱根登山鉄道 1951
0%
荒手 中央魚市場前 広島電鉄 1951
0%
片山津本村 片山津本町 北陸鉄道 1951
0%
真行寺 井戸 高松琴平電気鉄道 1951
0%
小境灘 一畑口 一畑電気鉄道 1952
0%
上町 上本町一丁目 大阪市交通局 1952
0%
交通部前 交通局前 鹿児島市交通部 1952
0%
丸山 電鉄丸山 神戸電気鉄道 1952
0%
横山 電鉄横山 神戸電気鉄道 1952
0%
木津 電鉄木津 神戸電気鉄道 1952
0%
木幡 電鉄木幡 神戸電気鉄道 1952
0%
電鉄栄 神戸電気鉄道 1952
0%
大村 電鉄大村 神戸電気鉄道 1952
0%
第一師範 学芸大学 東京急行電鉄 1952
0%
弦巻 新町 東京急行電鉄 1952
0%
浅野炭山 新雨竜 留萠鉄道 1952
0%
総曲輪 丸の内 富山地方鉄道 1952
0%
南園町 伏見通 名古屋市交通局 1952
0%
広小路七丁目 広小路本町 名古屋市交通局 1952
0%
今川 富士松 名古屋鉄道 1952
0%
刈谷町 刈谷市 名古屋鉄道 1952
0%
御嵩 御嵩口 名古屋鉄道 1952
0%
軽川 手稲 日本国有鉄道 1952
0%
上別保 別保 日本国有鉄道 1952
0%
黄金蘂 黄金 日本国有鉄道 1952
0%
古樋 浜小清水 日本国有鉄道 1952
0%
仙台東口 仙台 日本国有鉄道 1952
0%
富沢 陸前赤倉 日本国有鉄道 1952
0%
徳舜瞥 新大滝 日本国有鉄道 1952
0%
駿河 駿河小山 日本国有鉄道 1952
0%
満島 平岡 日本国有鉄道 1952
0%
由加 迫川 日本国有鉄道 1952
0%
大貞 東中津 日本国有鉄道 1952
0%
吾田 日南 日本国有鉄道 1952
0%
姶良 吾平 日本国有鉄道 1952
0%
舟入仲町 舟入町 広島電鉄 1952
0%
白島 白島終点 広島電鉄 1952
0%
貝塚南 海塚 水間鉄道 1952
0%
後免中町通 後免中町 土佐電気鉄道 1952
0%
松場 磊々峡 秋保電気鉄道 1953
0%
江戸町 大手町 伊予鉄道 1953
0%
鈴子 東塩田 上田丸子電鉄 1953
0%
川久保 殿城口 上田丸子電鉄 1953
0%
玉里道 護国神社前 鹿児島市交通局 1953
0%
鵄邑 富雄 近畿日本鉄道 1953
0%
本庄町中通 代継橋 熊本市交通局 1953
0%
石山螢谷 石山寺 京阪電気鉄道 1953
0%
山科駅前 京阪山科 京阪電気鉄道 1953
0%
横枕 中津川 京福電気鉄道 1953
0%
西大寺町 西大寺市 西大寺鉄道 1953
0%
下和田 南高崎 上信電気鉄道 1953
0%
山下 栄町 東京都交通局 1953
0%
滝野川 西ヶ原四丁目 東京都交通局 1953
0%
八重洲通 通三丁目 東京都交通局 1953
0%
西柳津 柳津 名古屋鉄道 1953
0%
弘法東口 東鏡島 名古屋鉄道 1953
0%
弘法西口 弘法口 名古屋鉄道 1953
0%
忠節橋 早田 名古屋鉄道 1953
0%
中徳富 新十津川 日本国有鉄道 1953
0%
日赤前 上山口 日本国有鉄道 1953
0%
保安隊前 自衛隊前 秋田市交通局 1954
0%
新国道 スポーツセンター前 秋田市交通局 1954
0%
スポーツセンター前 体育館前 秋田市交通局 1954
0%
鶴町車庫前 鶴町二丁目 大阪市交通局 1954
0%
森小路町 大宮小学校前 大阪市交通局 1954
0%
市役所前 中鉄バス前 岡山電気軌道 1954
0%
県庁前 岡山神社前 岡山電気軌道 1954
0%
城下 上之町 岡山電気軌道 1954
0%
内坪井 壺井橋 熊本電気鉄道 1954
0%
加藤社前 加藤神社前 熊本電気鉄道 1954
0%
吹田東口 相川 京阪神急行電鉄 1954
0%
山端 宝ケ池 京福電気鉄道 1954
0%
三木福有橋 電鉄三木 神戸電気鉄道 1954
0%
養老川 上総山田 小湊鉄道 1954
0%
朝生原 養老渓谷 小湊鉄道 1954
0%
西線19条 郵政研修所前 札幌市交通局 1954
0%
鷹匠町 新静岡 静岡鉄道 1954
0%
清水相生町 新清水 静岡鉄道 1954
0%
常久 競艇場前 西武鉄道 1954
0%
琴電高松 瓦町 高松琴平電気鉄道 1954
0%
二子玉川 二子玉川園 東京急行電鉄 1954
0%
桜町 郵便局前 富山地方鉄道 1954
0%
県立富山工業学校前 工業高校前 富山地方鉄道 1954
0%
五福 大学前 富山地方鉄道 1954
0%
岩川町 大学病院前 長崎電気軌道 1954
0%
高等師範前 新道 名古屋鉄道 1954
0%
大浜港 碧南 名古屋鉄道 1954
0%
農大前 岐阜大学前 名古屋鉄道 1954
0%
西鉄博多 新博多 西日本鉄道 1954
0%
箱崎宮前 箱崎浜 西日本鉄道 1954
0%
西鉄多々良 競輪場前 西日本鉄道 1954
0%
幌倉 東滝川 日本国有鉄道 1954
0%
伏古 西帯広 日本国有鉄道 1954
0%
筑紫 秩父別 日本国有鉄道 1954
0%
下湧別 湧別 日本国有鉄道 1954
0%
黒沢尻 北上 日本国有鉄道 1954
0%
佐竹 谷河原 日本国有鉄道 1954
0%
美濃町 美濃市 日本国有鉄道 1954
0%
出町 砺波 日本国有鉄道 1954
0%
三次 西三次 日本国有鉄道 1954
0%
備後十日市 三次 日本国有鉄道 1954
0%
花ヶ島 宮崎神宮 日本国有鉄道 1954
0%
阿品 地御前県病院前 広島電鉄 1954
0%
江波口 グランド口 広島電鉄 1954
0%
若菜辺 若菜 夕張鉄道 1954
0%
新夕張 夕張本町 夕張鉄道 1954
0%
温泉前 鷺湯温泉前 一畑電気鉄道 1955
0%
稲田多摩川 登戸多摩川 小田急電鉄 1955
0%
稲田登戸 向ヶ丘遊園 小田急電鉄 1955
0%
青島町 庄川町 加越能鉄道 1955
0%
平山 平山城址公園 京王帝都電鉄 1955
0%
野田橋 片町 京阪電気鉄道 1955
0%
大野三番 京福大野 京福電気鉄道 1955
0%
遠州川崎町 榛原町 静岡鉄道 1955
0%
池新田 浜岡町 静岡鉄道 1955
0%
鎌ヶ谷初富 初富 新京成電鉄 1955
0%
成谷 鳴谷 土佐電気鉄道 1955
0%
桟橋通三丁目 桟橋通二丁目 土佐電気鉄道 1955
0%
二番道 六番町六丁目 名古屋市交通局 1955
0%
三番道 七番町 名古屋市交通局 1955
0%
新道 諏訪新道 名古屋鉄道 1955
0%
市役所前 諏訪町 名古屋鉄道 1955
0%
守山町 守山市 名古屋鉄道 1955
0%
三井造船所前 備南電気鉄道 1955
0%
玉橋 備南電気鉄道 1955
0%
安久津 八幡宮前 山形交通 1955
0%
駄子町 蛭沢 山形交通 1955
0%
牟礼 六万寺 高松琴平電気鉄道 1955
0%
立売堀南通 東立売堀 大阪市交通局 1956
0%
立売堀北通五丁目 西立売堀 大阪市交通局 1956
0%
吉原 本吉原 岳南鉄道 1956
0%
桟橋通 市役所前 鹿児島市交通局 1956
0%
競輪場前 南港入口 鹿児島市交通局 1956
0%
京浜神奈川 神奈川 京浜急行電鉄 1956
0%
稲荷橋 穴守稲荷 京浜急行電鉄 1956
0%
信貴山口 信貴山下 信貴生駒電鉄 1956
0%
岡出山 藤枝本町 静岡鉄道 1956
0%
三島町 三島田町 駿豆鉄道 1956
0%
武州大沢 北越谷 東武鉄道 1956
0%
四郎丸 大学前 栃尾電鉄 1956
0%
東神田 家政高校前 栃尾電鉄 1956
0%
三日市 黒部 富山地方鉄道 1956
0%
市民病院前 市立大学病院前 名古屋市交通局 1956
0%
山王 中日球場前 名古屋鉄道 1956
0%
羽後上大野 合川 日本国有鉄道 1956
0%
鷹待 鹿部 日本国有鉄道 1956
0%
札鶴 札弦 日本国有鉄道 1956
0%
上札鶴 日本国有鉄道 1956
0%
与瀬 相模湖 日本国有鉄道 1956
0%
鈴川 吉原 日本国有鉄道 1956
0%
堀ノ内 菊川 日本国有鉄道 1956
0%
内郷 日本国有鉄道 1956
0%
周西 君津 日本国有鉄道 1956
0%
沓掛 中軽井沢 日本国有鉄道 1956
0%
北塩尻 西上田 日本国有鉄道 1956
0%
三河長岡 東栄 日本国有鉄道 1956
0%
遠山 山岡 日本国有鉄道 1956
0%
板取口 美濃立花 日本国有鉄道 1956
0%
美濃洲原 木尾 日本国有鉄道 1956
0%
三日市 黒部 日本国有鉄道 1956
0%
大原市場 甲賀 日本国有鉄道 1956
0%
深川 甲南 日本国有鉄道 1956
0%
河原市 美浜 日本国有鉄道 1956
0%
三宅 上中 日本国有鉄道 1956
0%
備後熊野 比婆山 日本国有鉄道 1956
0%
府中町 府中 日本国有鉄道 1956
0%
安芸中島 中島 日本国有鉄道 1956
0%
東毛木 毛木 日本国有鉄道 1956
0%
田ノ尻 筒賀 日本国有鉄道 1956
0%
板西 板野 日本国有鉄道 1956
0%
瀬高町 瀬高 日本国有鉄道 1956
0%
高瀬 玉名 日本国有鉄道 1956
0%
肥前神埼 神埼 日本国有鉄道 1956
0%
赤坂 下鴨生 日本国有鉄道 1956
0%
辰口 辰口温泉 北陸鉄道 1956
0%
波多 波田 松本電気鉄道 1956
0%
平戸前 北斗 雄別炭礦鉄道 1956
0%
穏禰平 山花 雄別炭礦鉄道 1956
0%
湯波内 桜田 雄別炭礦鉄道 1956
0%
出雲今市 出雲市 一畑電気鉄道 1957
0%
唐湊 神田 鹿児島市交通局 1957
0%
東高安 信貴山口 近畿日本鉄道 1957
0%
金子 つつじヶ丘 京王帝都電鉄 1957
0%
男山 八幡町 京阪電気鉄道 1957
0%
八幡宮 男山山上 京阪電気鉄道 1957
0%
神戸村 遠州神戸 静岡鉄道 1957
0%
北茨木 澄川 定山渓鉄道 1957
0%
稲佐橋通 船蔵町 長崎電気軌道 1957
0%
合渡橋 西鏡島 名古屋鉄道 1957
0%
南淡輪 みさき公園 南海電気鉄道 1957
0%
運動場前 香椎花園前 西日本鉄道 1957
0%
下十条 東十条 日本国有鉄道 1957
0%
石神 東海 日本国有鉄道 1957
0%
下総神崎 日本国有鉄道 1957
0%
吉田 北長野 日本国有鉄道 1957
0%
中新田 西古川 日本国有鉄道 1957
0%
小豆沢 八幡平 日本国有鉄道 1957
0%
毛馬内 十和田南 日本国有鉄道 1957
0%
出雲今市 出雲市 日本国有鉄道 1957
0%
南郡中 伊予市 日本国有鉄道 1957
0%
湯立 阿波山川 日本国有鉄道 1957
0%
知寄町車庫前 知寄町 土佐電気鉄道 1957
0%
若松町 知寄町二丁目 土佐電気鉄道 1957
0%
西方 湘南海岸公園 江ノ島鎌倉観光 1958
0%
新長後 長後 小田急電鉄 1958
0%
砂取 体育館前 熊本市交通局 1958
0%
菊池 富の原 熊本電気鉄道 1958
0%
隈府 菊池 熊本電気鉄道 1958
0%
田町 栗原田町 栗原電鉄 1958
0%
広野野球場前 緑が丘 神戸電気鉄道 1958
0%
鶴舞町 上総鶴舞 小湊鉄道 1958
0%
西15丁目 交通局前 札幌市交通局 1958
0%
新大間々 赤城 東武鉄道 1958
0%
水橋口 西滑川 富山地方鉄道 1958
0%
山室 不二越 富山地方鉄道 1958
0%
湶町 広小路 富山地方鉄道 1958
0%
追分 瀬戸市役所前 名古屋鉄道 1958
0%
電鉄前 広電本社前 広島電鉄 1958
0%
農大前 農学部前 高松琴平電気鉄道 1958
0%
県庁前 大町二丁目 秋田市交通局 1959
0%
体育館前 県庁前 秋田市交通局 1959
0%
郡元 新川 鹿児島市交通局 1959
0%
山田 伊勢市 近畿日本鉄道 1959
0%
郵政局前 電報局前 熊本市交通局 1959
0%
代継橋 本荘中通 熊本市交通局 1959
0%
新鍛冶屋町 代継橋 熊本市交通局 1959
0%
上石原 西調布 京王帝都電鉄 1959
0%
車返 武蔵野台 京王帝都電鉄 1959
0%
長等公園下 上栄町 京阪電気鉄道 1959
0%
田無町 ひばりヶ丘 西武鉄道 1959
0%
北所沢 新所沢 西武鉄道 1959
0%
五百石 立山町 富山地方鉄道 1959
0%
地鉄高岡 新高岡 富山地方鉄道 1959
0%
通坊前 中教院前 富山地方鉄道 1959
0%
知立 東知立 名古屋鉄道 1959
0%
兼平 町方 名古屋鉄道 1959
0%
西竹鼻 羽島 名古屋鉄道 1959
0%
三河豊田 トヨタ自動車前 名古屋鉄道 1959
0%
長流 長和 日本国有鉄道 1959
0%
昭和前 昭島 日本国有鉄道 1959
0%
旭町 日本国有鉄道 1959
0%
沼崎 上北町 日本国有鉄道 1959
0%
長塚 双葉 日本国有鉄道 1959
0%
佐久穂積 八千穂 日本国有鉄道 1959
0%
西吉田 吉田 日本国有鉄道 1959
0%
八森 東八森 日本国有鉄道 1959
0%
椿 八森 日本国有鉄道 1959
0%
上長流 上長和 日本国有鉄道 1959
0%
紀伊木本 熊野市 日本国有鉄道 1959
0%
赤穂 駒ケ根 日本国有鉄道 1959
0%
西総社 総社 日本国有鉄道 1959
0%
総社 東総社 日本国有鉄道 1959
0%
上高瀬 高瀬 日本国有鉄道 1959
0%
赤河内 北河内 日本国有鉄道 1959
0%
福島仲町 串間 日本国有鉄道 1959
0%
佐々 松浦 日本国有鉄道 1959
0%
新延 鞍手 日本国有鉄道 1959
0%
縄瀬 伊崎田 日本国有鉄道 1959
0%
水落 南水落 福井鉄道 1959
0%
末吉 志賀町 北陸鉄道 1959
0%
上本郷 塩田町 上田丸子電鉄 1960
0%
京町堀通四丁目 京町堀四丁目 大阪市交通局 1960
0%
江戸堀北通四丁目 土佐堀四丁目 大阪市交通局 1960
0%
鶴町四丁目 鶴町車庫前 大阪市交通局 1960
0%
臨港新保 岡南新保 岡山臨港鉄道 1960
0%
臨港泉田 岡南泉田 岡山臨港鉄道 1960
0%
臨港福田 岡南福田 岡山臨港鉄道 1960
0%
臨港藤田 岡南藤田 岡山臨港鉄道 1960
0%
汽車会社前 南岡山 岡山臨港鉄道 1960
0%
吾妻崎 阿母崎 島原鉄道 1960
0%
山田村 吾妻 島原鉄道 1960
0%
安中村 安徳 島原鉄道 1960
0%
金ヶ作 常盤平 新京成電鉄 1960
0%
車庫前 北臨済寺 豊橋鉄道 1960
0%
豊洲 北須坂 長野電鉄 1960
0%
六号地 大江町 名古屋市交通局 1960
0%
大江 東港通 名古屋市交通局 1960
0%
運動場前 各務原飛行場 名古屋鉄道 1960
0%
助松 松ノ浜 南海電気鉄道 1960
0%
豊住 豊泉 日本国有鉄道 1960
0%
本駅前 広島駅前 広島電鉄 1960
0%
グランド口 舟入南町 広島電鉄 1960
0%
白島終点 白島 広島電鉄 1960
0%
十丁目 宇品十丁目 広島電鉄 1960
0%
七丁目 宇品七丁目 広島電鉄 1960
0%
四丁目 宇品四丁目 広島電鉄 1960
0%
宇品終点 宇品 広島電鉄 1960
0%
粟ヶ崎遊園前 内灘 北陸鉄道 1960
0%
茂左衛門橋 靱本町四丁目 大阪市交通局 1961
0%
靱南通 靱本町 大阪市交通局 1961
0%
江戸堀北通五丁目 土佐堀五丁目 大阪市交通局 1961
0%
七番町口 番町 岡山電気軌道 1961
0%
一番町 一番町就実前 岡山電気軌道 1961
0%
お城前 熊本城市民会館前 熊本市交通局 1961
0%
市民病院前(神水橋) 神水橋(市民病院前) 熊本市交通局 1961
0%
加藤神社前 磐根橋 熊本市交通局 1961
0%
学校裏 平和島 京浜急行電鉄 1961
0%
横須賀汐留 汐入 京浜急行電鉄 1961
0%
横須賀堀内 堀ノ内 京浜急行電鉄 1961
0%
有度学校前 御門台 静岡鉄道 1961
0%
新津田沼 藤崎台 新京成電鉄 1961
0%
砧本村 東京急行電鉄 1961
0%
三河島二丁目 荒川区役所前 東京都交通局 1961
0%
三河島 荒川二丁目 東京都交通局 1961
0%
三河島八丁目 荒川七丁目 東京都交通局 1961
0%
尾久町一丁目 東尾久三丁目 東京都交通局 1961
0%
出師橋 市民病院前 長崎電気軌道 1961
0%
千種橋東 千種駅前 名古屋市交通局 1961
0%
瀬戸牛 西興部 日本国有鉄道 1961
0%
下政和 政和温泉 日本国有鉄道 1961
0%
浅川 高尾 日本国有鉄道 1961
0%
古間木 三沢 日本国有鉄道 1961
0%
北本宿 北本 日本国有鉄道 1961
0%
中村 相馬 日本国有鉄道 1961
0%
西大寺 東岡山 日本国有鉄道 1961
0%
神原 直川 日本国有鉄道 1961
0%
三納代 日向新富 日本国有鉄道 1961
0%
坊中 阿蘇 日本国有鉄道 1961
0%
広大教養部前 広大付属高校前 広島電鉄 1961
0%
遠州松木 積志 遠州鉄道 1962
0%
西京大学前 府立大学前 京都市交通局 1962
0%
七条内浜 七条河原町 京都市交通局 1962
0%
小部西口 鈴蘭台西口 神戸電気鉄道 1962
0%
西11丁目 消防局前 札幌市交通局 1962
0%
山鼻9条 中央保健所前 札幌市交通局 1962
0%
南有馬 原城 島原鉄道 1962
0%
神通町 新富町 富山地方鉄道 1962
0%
競輪場前 貝塚 西日本鉄道 1962
0%
虻田 洞爺 日本国有鉄道 1962
0%
日下部 山梨市 日本国有鉄道 1962
0%
千国崎 千国 日本国有鉄道 1962
0%
正明市 長門市 日本国有鉄道 1962
0%
牧園 霧島西口 日本国有鉄道 1962
0%
福島病院前 都町 広島電鉄 1962
0%
毛矢町 公園口 福井鉄道 1962
0%
電鉄福島 曽根田 福島交通 1962
0%
車庫前 聖光学院前 福島電気鉄道 1962
0%
屋敷台 東八幡平 松尾鉱業 1962
0%
伊勢神戸 鈴鹿市 近畿日本鉄道 1963
0%
岩ヶ崎 栗駒 栗原電鉄 1963
0%
東八王子 京王八王子 京王帝都電鉄 1963
0%
船橋競馬場前 センター競馬場前 京成電鉄 1963
0%
京都 大宮 京阪神急行電鉄 1963
0%
湘南富岡 京浜富岡 京浜急行電鉄 1963
0%
湘南田浦 京浜田浦 京浜急行電鉄 1963
0%
横須賀公郷 京浜安浦 京浜急行電鉄 1963
0%
湘南大津 京浜大津 京浜急行電鉄 1963
0%
湘南井田 北久里浜 京浜急行電鉄 1963
0%
湘南久里浜 京浜久里浜 京浜急行電鉄 1963
0%
郵政研修所前 ロープウェー入口 札幌市交通局 1963
0%
多摩湖ホテル前 西武遊園地 西武鉄道 1963
0%
挟間橋 伊野商業前 土佐電気鉄道 1963
0%
球場前 体育館前 豊橋鉄道 1963
0%
桶屋町 公会堂前 長崎電気軌道 1963
0%
奈良電小倉 竹田 奈良電気鉄道 1963
0%
奈良電竹田 小倉 奈良電気鉄道 1963
0%
止若 幕別 日本国有鉄道 1963
0%
幕別 恵北 日本国有鉄道 1963
0%
大井 恵那 日本国有鉄道 1963
0%
増田 名取 日本国有鉄道 1963
0%
陸前中田 南仙台 日本国有鉄道 1963
0%
西塩竈 西塩釜 日本国有鉄道 1963
0%
東塩竈 東塩釜 日本国有鉄道 1963
0%
三反田 臼田 日本国有鉄道 1963
0%
吉則 美祢 日本国有鉄道 1963
0%
丹波市 天理市 日本国有鉄道 1963
0%
口大野 丹後大宮 日本国有鉄道 1963
0%
天坪 繁藤 日本国有鉄道 1963
0%
富高 日向市 日本国有鉄道 1963
0%
岩脇 南日向 日本国有鉄道 1963
0%
山陽女学園 山陽女子大前 広島電鉄 1963
0%
江波口 江波 広島電鉄 1963
0%
粟田 乙丸 北陸鉄道 1963
0%
上野々市 高専前 北陸鉄道 1963
0%
出雲市 電鉄出雲市 一畑電気鉄道 1964
0%
花園橋 九条新道 大阪市交通局 1964
0%
九条中通一丁目 九条南一丁目 大阪市交通局 1964
0%
松島町二丁目 千代崎橋 大阪市交通局 1964
0%
松島町一丁目 松島公園前 大阪市交通局 1964
0%
阪急阪神前 大阪駅前 大阪市交通局 1964
0%
東生田 生田 小田急電鉄 1964
0%
西生田 読売ランド前 小田急電鉄 1964
0%
京都駅南口 京都駅八条口 京都市交通局 1964
0%
九条奈良電前 九条近鉄前 京都市交通局 1964
0%
近畿日本田原本 田原本 近畿日本鉄道 1964
0%
田原本 西田原本 信貴生駒電鉄 1964
0%
小野村 小野本町 島原鉄道 1964
0%
博多駅前 馬場新町 西日本鉄道 1964
0%
馬場新町 祇園町 西日本鉄道 1964
0%
軍川 大沼 日本国有鉄道 1964
0%
宇部 宇部新川 日本国有鉄道 1964
0%
大学前 広島大学前 広島電鉄 1964
0%
広大付属高校前 広大附属学校前 広島電鉄 1964
0%
野幌バス停留所 北海鋼機前 夕張鉄道 1964
0%
野田駅前 野田 大阪市交通局 1965
0%
一番町就実前 就実学園前 岡山電気軌道 1965
0%
医師会前 丸太町智恵光院 京都市交通局 1965
0%
佐田 榊原温泉口 近畿日本鉄道 1965
0%
能勢口 川西能勢口 京阪神急行電鉄 1965
0%
八瀬 八瀬遊園 京福電気鉄道 1965
0%
西塔橋 ケーブル八瀬遊園 京福電気鉄道 1965
0%
四明ヶ嶽 ケーブル比叡 京福電気鉄道 1965
0%
山鼻16条 静修学園前 札幌市交通局 1965
0%
西創成学校前 創成学校前 札幌市交通局 1965
0%
萱生 暁学園前 三岐鉄道 1965
0%
尾久六丁目 西尾久七丁目 東京都交通局 1965
0%
尖山 横江 富山地方鉄道 1965
0%
横江 上横江 富山地方鉄道 1965
0%
木町 荒町 富山地方鉄道 1965
0%
南田町 上本町 富山地方鉄道 1965
0%
上り立町 北新町 富山地方鉄道 1965
0%
赤城 赤城台 流山電気鉄道 1965
0%
瑞穂通三丁目 瑞穂区役所 名古屋市交通局 1965
0%
金園町 金園町四丁目 名古屋鉄道 1965
0%
薬大前 金園町九丁目 名古屋鉄道 1965
0%
有畜農業指導所前 研修所前 南部縦貫鉄道 1965
0%
土岐津 土岐市 日本国有鉄道 1965
0%
大寺 磐梯町 日本国有鉄道 1965
0%
一日市 八郎潟 日本国有鉄道 1965
0%
和納 岩室 日本国有鉄道 1965
0%
紀伊椿 椿 日本国有鉄道 1965
0%
白浜口 白浜 日本国有鉄道 1965
0%
紀伊湯浅 湯浅 日本国有鉄道 1965
0%
金岡 堺市 日本国有鉄道 1965
0%
広瀬 佐土原 日本国有鉄道 1965
0%
佐土原 西佐土原 日本国有鉄道 1965
0%
弁天 函館ドック前 函館市交通局 1965
0%
山口町 銀山町 広島電鉄 1965
0%
流川町 胡町 広島電鉄 1965
0%
左官町 本川町 広島電鉄 1965
0%
西天満町 観音町 広島電鉄 1965
0%
楽々園 楽々園遊園地 広島電鉄 1965
0%
革屋町 本通 広島電鉄 1965
0%
寺町裏 寺町 広島電鉄 1965
0%
谷村横町 都留市 富士急行 1965
0%
大額 額住宅前 北陸鉄道 1965
0%
山上 ケーブル山上 能勢電気軌道 1965
0%
池田駅前 川西国鉄前 能勢電気軌道 1965
0%
能勢口 川西 能勢電気軌道 1965
0%
皷ヶ滝 皷滝 能勢電気軌道 1965
0%
妙見 能勢妙見口 能勢電気軌道 1965
0%
蓬莱町 宝来町 函館市交通局 1965
0%
田窪 牛渕 伊予鉄道 1966
0%
下本郷 本州大学前 上田丸子電鉄 1966
0%
遠州共同 さぎの宮 遠州鉄道 1966
0%
一橋大学 一橋学園 西武鉄道 1966
0%
行田 行田市 秩父鉄道 1966
0%
久ヶ原 久が原 東京急行電鉄 1966
0%
宮ノ坂 宮の坂 東京急行電鉄 1966
0%
本丁筋二丁目 上町二丁目 土佐電気鉄道 1966
0%
本丁筋三丁目 上町三丁目 土佐電気鉄道 1966
0%
本丁筋四丁目 上町四丁目 土佐電気鉄道 1966
0%
本丁筋五丁目 上町五丁目 土佐電気鉄道 1966
0%
郵便局前 地鉄ビル前 富山地方鉄道 1966
0%
寺泊新道 寺泊 長岡鉄道 1966
0%
家野町 長崎大学前 長崎電気軌道 1966
0%
西町車庫前 浦上車庫前 長崎電気軌道 1966
0%
竹の久保通 茂里町 長崎電気軌道 1966
0%
井樋の口 銭座町 長崎電気軌道 1966
0%
船蔵町 宝町 長崎電気軌道 1966
0%
御船町 八千代町 長崎電気軌道 1966
0%
小川町 桜町 長崎電気軌道 1966
0%
栄町 名古屋市交通局 1966
0%
伏見町 伏見 名古屋市交通局 1966
0%
納屋橋 納屋橋東 名古屋市交通局 1966
0%
南大津通 白川通大津 名古屋市交通局 1966
0%
東桜町 桜通大津 名古屋市交通局 1966
0%
桜山町 市立大学病院 名古屋市交通局 1966
0%
市立大学病院前 瑞穂通一丁目 名古屋市交通局 1966
0%
守山市 守山自衛隊前 名古屋鉄道 1966
0%
羽黒 明治村口 名古屋鉄道 1966
0%
生保内 田沢湖 日本国有鉄道 1966
0%
阿波富岡 阿南 日本国有鉄道 1966
0%
雑餉隈 南福岡 日本国有鉄道 1966
0%
高専前 野々市工大前 北陸鉄道 1966
0%
赤松 新島々 松本電気鉄道 1966
0%
滑川 桜島桟橋 鹿児島市交通局 1967
0%
新川 涙橋 鹿児島市交通局 1967
0%
南港入口 南鹿児島駅前 鹿児島市交通局 1967
0%
柿本寺通 加治屋町 鹿児島市交通局 1967
0%
三十三間堂前 博物館三十三間堂前 京都市交通局 1967
0%
ラグビー場前 東花園 近畿日本鉄道 1967
0%
片倉 京王片倉 京王帝都電鉄 1967
0%
千葉海岸 西登戸 京成電鉄 1967
0%
新千里山 南千里 京阪神急行電鉄 1967
0%
豊岡町 入間市 西武鉄道 1967
0%
日ノ出町二丁目 東池袋四丁目 東京都交通局 1967
0%
大川寺公園 大川寺遊園 富山地方鉄道 1967
0%
東海製鉄前 富士製鉄前 名古屋鉄道 1967
0%
野上 新栄野 日本国有鉄道 1967
0%
公園下 偕楽園 日本国有鉄道 1967
0%
商工会議所前 魚市場通 函館市交通局 1967
0%
三里 宇賀渓口 三岐鉄道 1968
0%
須影 南羽生 東武鉄道 1968
0%
駅大通 名豊ビル前 豊橋鉄道 1968
0%
千曳 西千曳 南部縦貫鉄道 1968
0%
貞本 熊西 西日本鉄道 1968
0%
狩太 ニセコ 日本国有鉄道 1968
0%
崎守町 崎守 日本国有鉄道 1968
0%
三留野 南木曽 日本国有鉄道 1968
0%
柏原 黒姫 日本国有鉄道 1968
0%
羽後平沢 仁賀保 日本国有鉄道 1968
0%
越後外丸 津南 日本国有鉄道 1968
0%
信濃四ツ谷 白馬 日本国有鉄道 1968
0%
船川 男鹿 日本国有鉄道 1968
0%
和歌山 紀和 日本国有鉄道 1968
0%
東和歌山 和歌山 日本国有鉄道 1968
0%
伊勢田尻 一志 日本国有鉄道 1968
0%
千代ヶ岱 千代台 函館市交通局 1968
0%
宇品十三丁目 宇品二丁目 広島電鉄 1968
0%
宇品十丁目 宇品三丁目 広島電鉄 1968
0%
宇品七丁目 宇品四丁目 広島電鉄 1968
0%
宇品四丁目 宇品五丁目 広島電鉄 1968
0%
後免西町通 後免西町 土佐電気鉄道 1968
0%
三津口 萱町六丁目 伊予鉄道 1969
0%
玉電若林 若林 東京急行電鉄 1969
0%
玉電山下 山下 東京急行電鉄 1969
0%
玉電松原 松原 東京急行電鉄 1969
0%
志村 高島平 東京都交通局 1969
0%
球場前 大学前 富山地方鉄道 1969
0%
中村公園前 中村公園 名古屋市交通局 1969
0%
ライン遊園 可児川 名古屋鉄道 1969
0%
今渡 日本ライン今渡 名古屋鉄道 1969
0%
田口 妙高高原 日本国有鉄道 1969
0%
本市場 柚木 日本国有鉄道 1969
0%
己斐 西広島 日本国有鉄道 1969
0%
筒賀 田之尻 日本国有鉄道 1969
0%
西広島 広電西広島 広島電鉄 1969
0%
北松江 松江温泉 一畑電気鉄道 1970
0%
雲州平田 平田市 一畑電気鉄道 1970
0%
大社神門 出雲大社前 一畑電気鉄道 1970
0%
家政高校前 中越高校前 越後交通 1970
0%
近畿日本丹波橋 近鉄丹波橋 近畿日本鉄道 1970
0%
近畿日本郡山 近鉄郡山 近畿日本鉄道 1970
0%
橿原神宮駅 橿原神宮前 近畿日本鉄道 1970
0%
近畿日本八尾 近鉄八尾 近畿日本鉄道 1970
0%
阿保 青山町 近畿日本鉄道 1970
0%
近畿日本八田 近鉄八田 近畿日本鉄道 1970
0%
近畿日本蟹江 近鉄蟹江 近畿日本鉄道 1970
0%
近畿日本弥富 近鉄弥富 近畿日本鉄道 1970
0%
近畿日本長島 近鉄長島 近畿日本鉄道 1970
0%
志摩磯部 上之郷 近畿日本鉄道 1970
0%
迫間 志摩磯部 近畿日本鉄道 1970
0%
近畿日本新庄 近鉄新庄 近畿日本鉄道 1970
0%
橘寺 飛鳥 近畿日本鉄道 1970
0%
大和町 和光市 東武鉄道 1970
0%
立山町 五百石 富山地方鉄道 1970
0%
小見 有峰口 富山地方鉄道 1970
0%
千寿ヶ原 立山 富山地方鉄道 1970
0%
今村 新安城 名古屋鉄道 1970
0%
富士製鉄前 新日鉄前 名古屋鉄道 1970
0%
岩淵 富士川 日本国有鉄道 1970
0%
黒砂 みどり台 京成電鉄 1971
0%
守口 守口市 京阪電気鉄道 1971
0%
中宮 宮之阪 京阪電気鉄道 1971
0%
雪沢鉱泉 雪沢温泉 同和鉱業 1971
0%
和歌山港 築港町 南海電気鉄道 1971
0%
氷川 奥多摩 日本国有鉄道 1971
0%
尻内 八戸 日本国有鉄道 1971
0%
八戸 本八戸 日本国有鉄道 1971
0%
楽々園遊園地 楽々園 広島電鉄 1971
0%
井口病院前 荒手車庫前 広島電鉄 1971
0%
白神社前 中電前 広島電鉄 1971
0%
消防局前 中央区役所前 札幌市交通局 1972
0%
神宮前 表参道 帝都高速度交通営団 1972
0%
新平和島 流通センター 東京モノレール 1972
0%
清水北銀前 元町北銀前 富山地方鉄道 1972
0%
渋沢農場前 ひがし野団地 十和田観光電鉄 1972
0%
碁盤坂 千軒 日本国有鉄道 1972
0%
金津 芦原温泉 日本国有鉄道 1972
0%
上井 倉吉 日本国有鉄道 1972
0%
倉吉 打吹 日本国有鉄道 1972
0%
三股 東都城 日本国有鉄道 1972
0%
海潟 海潟温泉 日本国有鉄道 1972
0%
二ノ平 彫刻の森 箱根登山鉄道 1972
0%
地御前県病院前 阿品 広島電鉄 1972
0%
葛島橋西詰 知寄町三丁目 土佐電気鉄道 1972
0%
山鼻20条 幌南小学校前 札幌市交通局 1973
0%
鯖波 南条 日本国有鉄道 1973
0%
馬潟 東松江 日本国有鉄道 1973
0%
警察署前 千歳町 函館市交通局 1973
0%
浦戸町土電会館前 とでん西武百貨店前 土佐電気鉄道 1973
0%
高尾 摩耶ケーブル下 摩耶鋼索鉄道 1973
0%
土橋 六甲ケーブル下 六甲越有馬鉄道 1973
0%
本州大学前 大学前 上田交通 1974
0%
大学病院前 私学校跡 鹿児島市交通局 1974
0%
赤城台 平和台 総武流山電鉄 1974
0%
一野坪 五農校前 津軽鉄道 1974
0%
楢葉 袖ケ浦 日本国有鉄道 1974
0%
坂本 ケーブル坂本 比叡山鉄道 1974
0%
裳立山遊園地 もたて山 比叡山鉄道 1974
0%
叡山中堂 ケーブル延暦寺 比叡山鉄道 1974
0%
相生橋 原爆ドーム前 広島電鉄 1974
0%
吊橋 三ツ屋 北陸鉄道 1974
0%
後免町駅前 後免町 土佐電気鉄道 1974
0%
新門真 門真市 京阪電気鉄道 1975
0%
嵯峨野 有栖川 京福電気鉄道 1975
0%
大塚本町 さがみ野 相模鉄道 1975
0%
玉島 新倉敷 日本国有鉄道 1975
0%
長門一ノ宮 新下関 日本国有鉄道 1975
0%
北馬場・南馬場 新馬場 京浜急行電鉄 1976
0%
坂戸町 坂戸 東武鉄道 1976
0%
宇治学校前 宇治団地前 土佐電気鉄道 1976
0%
中日球場前 ナゴヤ球場前 名古屋鉄道 1976
0%
洲崎 こどもの国 名古屋鉄道 1976
0%
西別 別海 日本国有鉄道 1976
0%
麻績 聖高原 日本国有鉄道 1976
0%
鑓ヶ崎 浜山公園北口 一畑電気鉄道 1977
0%
遠州貴布禰 浜北 遠州鉄道 1977
0%
北浜 北浜中学校前 遠州鉄道 1977
0%
高岡市庁前 本丸会館前 加越能鉄道 1977
0%
交野 交野市 京阪電気鉄道 1977
0%
多摩川園前 多摩川園 東京急行電鉄 1977
0%
二子新地 二子新地前 東京急行電鉄 1977
0%
温海 あつみ温泉 日本国有鉄道 1977
0%
岡南藤田 並木町 岡山臨港鉄道 1978
0%
瀬上 東福島 日本国有鉄道 1978
0%
新潟操車場前 東新潟 日本国有鉄道 1978
0%
公園通 高知城前 土佐電気鉄道 1978
0%
狭山湖 西武球場前 西武鉄道 1979
0%
入間川 狭山市 西武鉄道 1979
0%
青梅橋 東大和市 西武鉄道 1979
0%
多摩湖 西武遊園地 西武鉄道 1979
0%
西武遊園地 遊園地前 西武鉄道 1979
0%
住吉公園 住吉大社 南海電気鉄道 1979
0%
中央市場前 草津南 広島電鉄 1979
0%
新富山駅前 新富山 富山地方鉄道 1980
0%
弁天橋 大浦天主堂下 長崎電気軌道 1980
0%
境川 岐南 名古屋鉄道 1980
0%
研修所前 営農大学校前 南部縦貫鉄道 1980
0%
陸前古川 古川 日本国有鉄道 1980
0%
周防富田 新南陽 日本国有鉄道 1980
0%
塩屋町 洗馬橋 熊本市交通局 1981
0%
杉戸 東武動物公園 東武鉄道 1981
0%
錦町 市役所前 長野電鉄 1981
0%
新須磨 碧南中央 名古屋鉄道 1981
0%
古知野 江南 名古屋鉄道 1981
0%
紅葉山 新夕張 日本国有鉄道 1981
0%
南咲来 天塩川温泉 日本国有鉄道 1981
0%
暮地 寿 富士急行 1981
0%
谷津坂 能見台 京浜急行電鉄 1982
0%
創成学校前 創成小学校前 札幌市交通局 1982
0%
新広見 新可児 名古屋鉄道 1982
0%
伏見口 明智 名古屋鉄道 1982
0%
東那須野 那須塩原 日本国有鉄道 1982
0%
磐城西郷 新白河 日本国有鉄道 1982
0%
広美 可児 日本国有鉄道 1982
0%
東大方 有井川 日本国有鉄道 1982
0%
伊田 田川伊田 日本国有鉄道 1982
0%
後藤寺 田川後藤寺 日本国有鉄道 1982
0%
西尾久七丁目 荒川遊園地前 東京都交通局 1983
0%
大浦 大浦海岸通 長崎電気軌道 1983
0%
大浦石橋 石橋 長崎電気軌道 1983
0%
地蔵堂 分水 日本国有鉄道 1983
0%
谷津遊園 谷津 京成電鉄 1984
0%
川部 弘南川部 日本国有鉄道 1984
0%
本巣北方 北方真桑 日本国有鉄道 1984
0%
美濃本巣 本巣 日本国有鉄道 1984
0%
美濃神海 神海 日本国有鉄道 1984
0%
飛騨船津 飛騨神岡 日本国有鉄道 1984
0%
神岡 奥飛騨温泉口 日本国有鉄道 1984
0%
遠鉄浜松 遠州病院前 遠州鉄道 1985
0%
遠州八幡 八幡 遠州鉄道 1985
0%
遠州助信 助信 遠州鉄道 1985
0%
中鉄バス前 田町 岡山電気軌道 1985
0%
新湊 六渡寺 加越能鉄道 1985
0%
西新湊 新湊市役所前 加越能鉄道 1985
0%
専売公社前 たばこ産業前 鹿児島市交通局 1985
0%
神岡口 神岡鉱山前 神岡鉄道 1985
0%
明治村口 羽黒 名古屋鉄道 1985
0%
県庁前 白山前 新潟交通 1985
0%
到津車庫前 遊園前バス営業所 西日本鉄道 1985
0%
羽後鮎川 鮎川 日本国有鉄道 1985
0%
羽後黒沢 黒沢 日本国有鉄道 1985
0%
羽後川辺 川辺 日本国有鉄道 1985
0%
白崎 三川 日本国有鉄道 1985
0%
明知 明智 日本国有鉄道 1985
0%
尾倉公園 山麓 帆柱ケーブル 1985
0%
帆柱山 山上 帆柱ケーブル 1985
0%
弘南弘前 弘前 弘南鉄道 1986
0%
弘南大鰐 大鰐 弘南鉄道 1986
0%
新石川 石川 弘南鉄道 1986
0%
大井田 大安 三岐鉄道 1986
0%
宇賀渓口 三里 三岐鉄道 1986
0%
鷹ノ巣 鷹巣 日本国有鉄道 1986
0%
会津滝ノ原 会津高原 日本国有鉄道 1986
0%
大河津 寺泊 日本国有鉄道 1986
0%
鹿折 鹿折唐桑 日本国有鉄道 1986
0%
加茂野口 加茂野 日本国有鉄道 1986
0%
加茂野 富加 日本国有鉄道 1986
0%
美濃関 日本国有鉄道 1986
0%
美濃立花 湯の洞温泉口 日本国有鉄道 1986
0%
美濃洲原 洲原 日本国有鉄道 1986
0%
郡上福野 福野 日本国有鉄道 1986
0%
苅安 美並苅安 日本国有鉄道 1986
0%
郡上赤池 赤池 日本国有鉄道 1986
0%
美濃相生 相生 日本国有鉄道 1986
0%
美濃山田 山田 日本国有鉄道 1986
0%
美濃弥富 郡上大和 日本国有鉄道 1986
0%
東都城 三股 日本国有鉄道 1986
0%
筑後小郡 小郡 日本国有鉄道 1986
0%
大根 東海大学前 小田急電鉄 1987
0%
大秦野 秦野 小田急電鉄 1987
0%
葛飾 京成西船 京成電鉄 1987
0%
京成千葉 千葉中央 京成電鉄 1987
0%
国鉄千葉駅前 京成千葉 京成電鉄 1987
0%
三条 京津三条 京阪電気鉄道 1987
0%
京浜長沢 京急長沢 京浜急行電鉄 1987
0%
教育大学前 西屯田通 札幌市交通局 1987
0%
玉ノ井 東向島 東武鉄道 1987
0%
西秋留 秋川 日本国有鉄道 1987
0%
北福岡 二戸 日本国有鉄道 1987
0%
金田一 金田一温泉 日本国有鉄道 1987
0%
遠江桜木 桜木 日本国有鉄道 1987
0%
野部 豊岡 日本国有鉄道 1987
0%
遠江二俣 天竜二俣 日本国有鉄道 1987
0%
佐久米 浜名湖佐久米 日本国有鉄道 1987
0%
稲生 鈴鹿サーキット稲生 日本国有鉄道 1987
0%
上三寄 芦ノ牧温泉 東日本旅客鉄道 1987
0%
舟子 大川ダム公園 東日本旅客鉄道 1987
0%
桑原 芦ノ牧温泉南 東日本旅客鉄道 1987
0%
楢原 会津下郷 東日本旅客鉄道 1987
0%
田部原 田島高校前 東日本旅客鉄道 1987
0%
荒海 会津荒海 東日本旅客鉄道 1987
0%
糸沢 七ヶ岳登山口 東日本旅客鉄道 1987
0%
下鯖江 西山公園 福井鉄道 1987
0%
大坂間 球泉洞 九州旅客鉄道 1988
0%
肥前御厨 御厨 九州旅客鉄道 1988
0%
江迎 江迎鹿町 九州旅客鉄道 1988
0%
肥前吉井 吉井 九州旅客鉄道 1988
0%
肥前神田 神田 九州旅客鉄道 1988
0%
南弘前 東工業高前 弘南鉄道 1988
0%
電鉄丸山 丸山 神戸電気鉄道 1988
0%
六甲登山口 神鉄六甲 神戸電気鉄道 1988
0%
電鉄木津 木津 神戸電気鉄道 1988
0%
電鉄木幡 木幡 神戸電気鉄道 1988
0%
電鉄三木 三木 神戸電気鉄道 1988
0%
電鉄大村 大村 神戸電気鉄道 1988
0%
電鉄小野 小野 神戸電気鉄道 1988
0%
立戸の浜 沖波 西日本旅客鉄道 1988
0%
真脇 縄文真脇 西日本旅客鉄道 1988
0%
能登小木 九十九湾小木 西日本旅客鉄道 1988
0%
能登白丸 白丸 西日本旅客鉄道 1988
0%
能登川尻 九里川尻 西日本旅客鉄道 1988
0%
珠洲飯田 飯田 西日本旅客鉄道 1988
0%
西宮内 おりはた 東日本旅客鉄道 1988
0%
二枚橋 花巻空港 東日本旅客鉄道 1988
0%
岩手松尾 松尾八幡平 東日本旅客鉄道 1988
0%
龍ヶ森 安比高原 東日本旅客鉄道 1988
0%
下野上三依 上三依塩原 野岩鉄道 1988
0%
白木原 大野城 九州旅客鉄道 1989
0%
東人吉 相良藩願成寺 九州旅客鉄道 1989
0%
京浜鶴見 京急鶴見 京浜急行電鉄 1989
0%
金山橋 金山 名古屋鉄道 1989
0%
岐阜大学前 市民公園前 名古屋鉄道 1989
0%
田平 東田平 松浦鉄道 1989
0%
越ノ潟口 海王丸 加越能鉄道 1990
0%
新中原 九州工大前 九州旅客鉄道 1990
0%
筑後千足 うきは 九州旅客鉄道 1990
0%
牧口 豊後清川 九州旅客鉄道 1990
0%
飯野 えびの飯野 九州旅客鉄道 1990
0%
上江 えびの上江 九州旅客鉄道 1990
0%
加久藤 えびの 九州旅客鉄道 1990
0%
京浜新子安 京急新子安 京浜急行電鉄 1990
0%
中央高校前 職業訓練校前 島原鉄道 1990
0%
野村 西脇市 西日本旅客鉄道 1990
0%
丹後山田 野田川 西日本旅客鉄道 1990
0%
丹後木津 木津温泉 西日本旅客鉄道 1990
0%
京浜富岡 京急富岡 京浜急行電鉄 1991
0%
西屯田通 中央図書館前 札幌市交通局 1991
0%
電鉄塩屋 山陽塩屋 山陽電気鉄道 1991
0%
電鉄垂水 山陽垂水 山陽電気鉄道 1991
0%
電鉄亀山 亀山 山陽電気鉄道 1991
0%
本荘 播磨町 山陽電気鉄道 1991
0%
電鉄天満 山陽天満 山陽電気鉄道 1991
0%
電鉄網干 山陽網干 山陽電気鉄道 1991
0%
運動場前 県総合運動場 静岡鉄道 1991
0%
下部 下部温泉 東海旅客鉄道 1991
0%
湯谷 湯谷温泉 東海旅客鉄道 1991
0%
平田橋 上小田井 名古屋鉄道 1991
0%
のと穴水 穴水 のと鉄道 1991
0%
糠ノ目 高畠 東日本旅客鉄道 1991
0%
大鰐 大鰐温泉 東日本旅客鉄道 1991
0%
川原湯 川原湯温泉 東日本旅客鉄道 1991
0%
陸中大石 ゆだ錦秋湖 東日本旅客鉄道 1991
0%
岩手湯田 ゆだ高原 東日本旅客鉄道 1991
0%
森合 美術館図書館前 福島交通 1991
0%
小波瀬 小波瀬西工大前 九州旅客鉄道 1992
0%
大森 大森・金城学院前 名古屋鉄道 1992
0%
千葉港 千葉みなと 東日本旅客鉄道 1992
0%
北上ノ山 茂吉記念館前 東日本旅客鉄道 1992
0%
とでん西武百貨店前 デンテツターミナルビル前 土佐電気鉄道 1992
0%
三田川 吉野ケ里公園 九州旅客鉄道 1993
0%
京浜安浦 京急安浦 京浜急行電鉄 1993
0%
山手(県庁前) 県庁前 神戸市交通局 1993
0%
神西 出雲大社口 西日本旅客鉄道 1993
0%
初鹿野 甲斐大和 東日本旅客鉄道 1993
0%
別田 春日居町 東日本旅客鉄道 1993
0%
花堂南 ベル前 福井鉄道 1993
0%
阿蘇下田 阿蘇下田城ふれあい温泉 南阿蘇鉄道 1993
0%
荒川 八広 京成電鉄 1994
0%
霊園前 南平岸 札幌市交通局 1994
0%
高瀬大坊 みの 四国旅客鉄道 1994
0%
いわき 東日本旅客鉄道 1994
0%
浪板 浪板海岸 東日本旅客鉄道 1994
0%
今福鷹島口 鷹島口 松浦鉄道 1994
0%
大学前 大学 松浦鉄道 1994
0%
健軍派出所前 健軍交番前 熊本市交通局 1995
0%
駒場 鶯沢工業高校前 栗原電鉄 1995
0%
職業訓練校前 技術専門校前 島原鉄道 1995
0%
日ノ影 日之影温泉 高千穂鉄道 1995
0%
魚津 新魚津 富山地方鉄道 1995
0%
神足 長岡京 西日本旅客鉄道 1995
0%
湯瀬 湯瀬温泉 東日本旅客鉄道 1995
0%
東篠路 拓北 北海道旅客鉄道 1995
0%
釜谷臼 あいの里公園 北海道旅客鉄道 1995
0%
大学前 北海道医療大学 北海道旅客鉄道 1995
0%
県庁前 県庁跡 鹿児島市交通局 1996
0%
技術専門校前 秩父が浦 島原鉄道 1996
0%
体育館前 豊橋公園前 豊橋鉄道 1996
0%
二日町 白鳥高原 長良川鉄道 1996
0%
殿田 日吉 西日本旅客鉄道 1996
0%
茨木 宇野辺 大阪高速鉄道 1997
0%
県庁跡 水族館口 鹿児島市交通局 1997
0%
御池 烏丸御池 京都市交通局 1997
0%
大長 北勢中央公園口 三岐鉄道 1997
0%
大川寺遊園 大川寺 富山地方鉄道 1997
0%
田辺 京田辺 西日本旅客鉄道 1997
0%
大谷 大谷海岸 東日本旅客鉄道 1997
0%
上岩出山 西大崎 東日本旅客鉄道 1997
0%
西岩出山 上野目 東日本旅客鉄道 1997
0%
川渡 川渡温泉 東日本旅客鉄道 1997
0%
東鳴子 鳴子御殿湯 東日本旅客鉄道 1997
0%
鳴子 鳴子温泉 東日本旅客鉄道 1997
0%
中山平 中山平温泉 東日本旅客鉄道 1997
0%
留萠 留萌 北海道旅客鉄道 1997
0%
相ノ内 相内 北海道旅客鉄道 1997
0%
東相ノ内 東相内 北海道旅客鉄道 1997
0%
多賀 多賀大社前 近江鉄道 1998
0%
太郎坊 太郎丸宮前 近江鉄道 1998
0%
六会 六会日大前 小田急電鉄 1998
0%
羽田 天空橋 京浜急行電鉄 1998
0%
羽田 天空橋 東京モノレール 1998
0%
出雲大社口 出雲神西 西日本旅客鉄道 1999
0%
蟹沢 さくらんぼ東根 東日本旅客鉄道 1999
0%
楯岡 村山 東日本旅客鉄道 1999
0%
羽前赤倉 赤倉温泉 東日本旅客鉄道 1999
0%
羽前向町 最上 東日本旅客鉄道 1999
0%
瀬見 瀬見温泉 東日本旅客鉄道 1999
0%
新横浜北 北新横浜 横浜市交通局 1999
0%
多摩川園 多摩川 東京急行電鉄 2000
0%
二子玉川園 二子玉川 東京急行電鉄 2000
0%
陸奥黒崎 白神岳登山口 東日本旅客鉄道 2000
0%
ロープウェー入口 ロープウェイ入口 札幌市交通局 2001
0%
循環器病センター 心臓血管センター 上毛電気鉄道 2001
0%
西鉄福岡 西鉄福岡(天神) 西日本鉄道 2001
0%
阿品 阿品東 広島電鉄 2001
0%
広電宮島 広電宮島口 広島電鉄 2001
0%
横川 横川駅 広島電鉄 2001
0%
段原大畑町 段原一丁目 広島電鉄 2001
0%
広島大学前 日赤病院前 広島電鉄 2001
0%
向宇品口 元宇品口 広島電鉄 2001
0%
摩耶ケーブル下 摩耶ケーブル 神戸市都市整備公社 2001
0%
摩耶 神戸市都市整備公社 2001
0%
松江温泉 松江しんじ湖温泉 一畑電気鉄道 2002
0%
大和紡前 出雲科学館パークタウン前 一畑電気鉄道 2002
0%
電報局前 九品寺交差点 熊本市交通局 2002
0%
ケーブル八瀬遊園 ケーブル八瀬 京福電気鉄道 2002
0%
北新 北新・松本大学前 松本電気鉄道 2002
0%
東古市 永平寺口 えちぜん鉄道 2003
0%
西福井 福大前西福井 えちぜん鉄道 2003
0%
芦原湯町 あわら湯のまち えちぜん鉄道 2003
0%
笹間渡 川根温泉笹間渡 大井川鐡道 2003
0%
霧島西口 霧島温泉 九州旅客鉄道 2003
0%
城戸 城戸南蔵院前 九州旅客鉄道 2003
0%
西鹿児島駅前 鹿児島中央駅前 鹿児島市交通局 2004
0%
熊本工大前 崇城大学前 九州旅客鉄道 2004
0%
日奈久 日奈久温泉 九州旅客鉄道 2004
0%
京急安浦 県立大学 京浜急行電鉄 2004
0%
創成小学校前 資生館小学校前 札幌市交通局 2004
0%
営団赤塚 地下鉄赤塚 帝都高速度交通営団 2004
0%
瑞穂運動場 瑞穂運動場西 名古屋市交通局 2004
0%
名香野 西鉄千早 西日本鉄道 2004
0%
川尻 十王 東日本旅客鉄道 2004
0%
平田市 雲州平田 一畑電気鉄道 2005
0%
東工業高前 弘前東高前 弘南鉄道 2005
0%
大学前 愛知大学前 豊橋鉄道 2005
0%
新一宮 名鉄一宮 名古屋鉄道 2005
0%
ナゴヤ球場前 山王 名古屋鉄道 2005
0%
各務原飛行場 各務原市役所前 名古屋鉄道 2005
0%
城崎 城崎温泉 西日本旅客鉄道 2005
0%
新湊市役所前 射水市新湊庁舎前 万葉線 2005
0%
万博会場 愛・地球博記念公園 愛知高速交通 2006
0%
万博八草 八草 愛知高速交通 2006
0%
大阪ドーム前千代崎 ドーム前千代崎 大阪市交通局 2006
0%
中濃西高前 関下有知 長良川鉄道 2006
0%
半在 八坂 長良川鉄道 2006
0%
平良 廿日市市役所前 広島電鉄 2006
0%
ルイス・C.ティファニー庭園美術館前 松江イングリッシュガーデン前 一畑電車 2007
0%
遠州病院前 遠州病院 遠州鉄道 2007
0%
北浜中学校前 美薗中央公園 遠州鉄道 2007
0%
三条口 西大路三条 京福電気鉄道 2007
0%
太秦 太秦広隆寺 京福電気鉄道 2007
0%
車折 車折神社 京福電気鉄道 2007
0%
嵯峨駅前 嵐電嵯峨 京福電気鉄道 2007
0%
御室 御室仁和寺 京福電気鉄道 2007
0%
高雄口 宇多野 京福電気鉄道 2007
0%
大成 鉄道博物館 埼玉新都市交通 2007
0%
岸壁通 桟橋車庫前 土佐電気鉄道 2007
0%
上佐々 清峰高校前 松浦鉄道 2007
0%
追分 大山ケーブル 大山観光電鉄 2008
0%
不動前 大山寺 大山観光電鉄 2008
0%
下社 阿夫利神社 大山観光電鉄 2008
0%
東山 東山・おかでんミュージアム駅 岡山電気軌道 2008
0%
筑前新宮 福工大前 九州旅客鉄道 2008
0%
五条 清水五条 京阪電気鉄道 2008
0%
丸太町 神宮丸太町 京阪電気鉄道 2008
0%
城南 聖愛中高前 弘南鉄道 2008
0%
西弘前 弘前学院前 弘南鉄道 2008
0%
土手ノ内 希望が丘高校前 筑豊電気鉄道 2008
0%
雑司ヶ谷 都電雑司ヶ谷 東京都交通局 2008
0%
御崎口 大篠津町 西日本旅客鉄道 2008
0%
大篠津 米子空港 西日本旅客鉄道 2008
0%
富洲原 川越富洲原 近畿日本鉄道 2009
0%
免田 あさぎり くま川鉄道 2009
0%
人吉 人吉温泉 くま川鉄道 2009
0%
水間 水間観音 水間鉄道 2009
0%
羽田空港 羽田空港国内線ターミナル 京浜急行電鉄 2010
0%
福井新 赤十字前 福井鉄道 2010
0%
花白 花白温泉 明知鉄道 2011
0%
熊本城前 花畑町 熊本市交通局 2011
0%
市役所前 熊本城・市役所前 熊本市交通局 2011
0%
水前寺駅通 新水前寺駅前 熊本市交通局 2011
0%
神水橋(市民病院前) 神水・市民病院前 熊本市交通局 2011
0%
動植物園前 動植物園入口 熊本市交通局 2011
0%
本妙寺前 本妙寺入口 熊本市交通局 2011
0%
市民病院前 みなとじま 神戸新交通 2011
0%
先端医療センター前 医療センター 神戸新交通 2011
0%
ポートアイランド南 京コンピュータ前 神戸新交通 2011
0%
富士吉田 富士山 富士急行 2011
0%
遠州曳馬 曳馬 遠州鉄道 2012
0%
遠州上島 上島 遠州鉄道 2012
0%
電波高専前 熊本高専前 熊本電気鉄道 2013
0%
浜松大学前 常葉大学前 天竜浜名湖鉄道 2013
0%
御庄 清流新岩国 錦川鉄道 2013
0%
三宮 神戸三宮 阪急電鉄 2013
0%
服部 服部天神 阪急電鉄 2013
0%
中山 中山観音 阪急電鉄 2013
0%
南霞町 新今宮駅前 阪堺電気軌道 2014
0%
三宮 神戸三宮 阪神電気鉄道 2014
0%
高岡駅前 高岡駅 万葉線 2014
0%
本丸会館前 急患医療センター前 万葉線 2014
0%
市立病院前 甲東中学校前 鹿児島市交通局 2015
0%
交通局前 二中通 鹿児島市交通局 2015
0%
たばこ産業前 市立病院前 鹿児島市交通局 2015
0%
丹後大宮 京丹後大宮 北近畿タンゴ鉄道 2015
0%
木津温泉 夕日ヶ浦木津温泉 北近畿タンゴ鉄道 2015
0%
丹後神野 小天橋 北近畿タンゴ鉄道 2015
0%
但馬三江 コウノトリの郷 北近畿タンゴ鉄道 2015
0%
小本 岩泉小本 三陸鉄道 2015
0%
富山駅前 電鉄富山・エスタ前 富山地方鉄道 2015
0%
新富山 富山トヨペット本社前(五福末広町) 富山地方鉄道 2015
0%
寺井 能美根上 西日本旅客鉄道 2015
0%
脇野田 上越妙高 東日本旅客鉄道 2015
0%
鈴峯女子大前 修大附属鈴峯前 広島電鉄 2015
0%
福井駅前 福井駅 福井鉄道 2016
0%
木田四ツ辻 商工会議所前 福井鉄道 2016
0%
公園口 足羽山公園口 福井鉄道 2016
0%
渡島大野 新函館北斗 北海道旅客鉄道 2016
0%
射水市新湊庁舎前 西新湊 万葉線 2016
0%
市民会館前 函館アリーナ前 函館市企業局交通部 2016
0%
太郎丸 太郎丸エンゼルランド えちぜん鉄道 2017
0%
西春江 西春江ハートピア えちぜん鉄道 2017
0%
西長田 西長田ゆりの里 えちぜん鉄道 2017
0%
松原団地 獨協大学前 東武鉄道 2017
0%
西堀端 本町一丁目 伊予鉄道 2018
0%
浜大津 びわ湖浜大津 京阪電気鉄道 2018
0%
別所 大津市役所前 京阪電気鉄道 2018
0%
長崎大学前 長崎大学 長崎電気軌道 2018
0%
浦上車庫前 浦上車庫 長崎電気軌道 2018
0%
松山町 平和工業 長崎電気軌道 2018
0%
浜口町 原爆資料館 長崎電気軌道 2018
0%
大学病院前 大学病院 長崎電気軌道 2018
0%
築町 新地中華街 長崎電気軌道 2018
0%
西浜町 浜町アーケード 長崎電気軌道 2018
0%
正覚寺下 崇福寺 長崎電気軌道 2018
0%
公会堂前 市民会館 長崎電気軌道 2018
0%
市民病院前 メディカルセンター 長崎電気軌道 2018
0%
大浦天主堂下 大浦天主堂 長崎電気軌道 2018
0%
賑橋 めがね橋 長崎電気軌道 2018
0%
市役所前 福井城址大名町 福井鉄道 2018
0%
神水・市民病院前 神水交差点 熊本市交通局 2019
0%
上熊本駅前 上熊本 熊本市交通局 2019
0%
再春荘前 再春医療センター前 熊本電気鉄道 2019
0%
深草 龍谷大前深草 京阪電気鉄道 2019
0%
八幡市 石清水八幡宮 京阪電気鉄道 2019
0%
八幡市 ケーブル八幡宮口 京阪電気鉄道 2019
0%
男山山上 ケーブル八幡宮山上 京阪電気鉄道 2019
0%
小野本町 小野 島原鉄道 2019
0%
諫早東高校前 諫早東高校 島原鉄道 2019
0%
神代町 神代 島原鉄道 2019
0%
多比良町 多比良 島原鉄道 2019
0%
島鉄湯江 有明湯江 島原鉄道 2019
0%
松尾町 松尾 島原鉄道 2019
0%
島鉄本社前 霊丘公園体育館 島原鉄道 2019
0%
南島原 島原船津 島原鉄道 2019
0%
南町田 南町田グランベリーパーク 東京急行電鉄 2019
0%
梅田 大阪梅田 阪急電鉄 2019
0%
石橋 石橋阪大前 阪急電鉄 2019
0%
河原町 京都河原町 阪急電鉄 2019
0%
鳴尾 鳴尾・武庫川女子大前 阪神電気鉄道 2019
0%
修大附属鈴峯前 修大協創中高前 広島電鉄 2019
0%
山陽女子大前 山陽女学園前 広島電鉄 2019
0%
競艇場前 宮島ボートレース場前 広島電鉄 2019
0%
舟入南町 舟入南 広島電鉄 2019
0%
船の科学館 東京国際クルーズターミナル ゆりかもめ 2019
0%
国際展示場正門 東京ビックサイト ゆりかもめ 2019
0%
小ヶ田 縄文小ヶ田 秋田内陸縦貫鉄道 2020
0%
産業道路 大師橋 京浜急行電鉄 2020
0%
蓮町 蓮町(馬場記念公園前) 富山地方鉄道 2020
0%
大広田 萩浦小学校前 富山地方鉄道 2020
0%
大学前 富山大学前 富山地方鉄道 2020
0%
阿仁前田 阿仁前田温泉 秋田内陸縦貫鉄道 2021
0%
西武遊園地 多摩湖 西武鉄道 2021
0%
遊園地西 西武園ゆうえんち 西武鉄道 2021
0%
肥前山口 江北 九州旅客鉄道 2022
0%
刃物会館前 せきてらす前 長良川鉄道 2022
0%
石狩当別 当別 北海道旅客鉄道 2022
0%
茶山 茶山・京都芸術大学 叡山電鉄 2023
0%
西大寺町 西大寺町・岡山芸術創造劇場ハレノワ前 岡山電気軌道 2023
0%
市民会館 市役所 長崎電気軌道 2023
0%
伝馬町 熱田神宮伝馬町 名古屋市交通局 2023
0%
神宮西 熱田神宮西 名古屋市交通局 2023
0%
中村区役所 太閤通 名古屋市交通局 2023
0%
西新湊 第一イン新湊 クロスベイ前 万葉線 2023
0%
阿蘇下田城ふれあい温泉 阿蘇下田城 南阿蘇鉄道 2023
0%
試験場前 聖マリア病院前 西日本鉄道 2024
0%
羽田空港 羽田空港第1ビル 東京モノレール 2004
0%
交通局前 西11丁目 札幌市交通局 1958
0%
南11条 西線11条 札幌市交通局 1958
0%
南14条 西線14条 札幌市交通局 1958
0%
交通局前 西15丁目 札幌市交通局 1982
0%
一中前 南16条静修高等学校前 札幌市交通局 1948
0%
南16条 西線16条 札幌市交通局 1950
0%
南16条静修高等学校前 南16条 札幌市交通局 1950
0%
南16条 山鼻16条 札幌市交通局 1959
0%
南19条 西線19条 札幌市交通局 1950
0%
南19条 山鼻19条 札幌市交通局 1959
0%
柏中学前 山鼻20条 札幌市交通局 1965
0%
4丁目 4丁目三越前 札幌市交通局 1948
0%
三越前 西4丁目 札幌市交通局 1965
0%
南6条西15丁目 南6条 札幌市交通局 1949
0%
南6条 西線6条 札幌市交通局 1958
0%
三吉神社前 西8丁目市立病院通 札幌市電気局 1941
0%
西8丁目市立病院通 西8丁目 札幌市交通局 1950
0%
南9条 西線9条 札幌市交通局 1957
0%
中島橋通 山鼻9条 札幌市交通局 1957
0%
中央保健所前 山鼻9条 札幌市交通局 1993
0%
古江 ルイス・C.ティファニー庭園美術館前 一畑電気鉄道 2001
0%
富山トヨペット本社前(五福末広町) トヨタモビリティ富山 Gスクエア五福前(五福末広町) 富山地方鉄道 2021
0%
野比 YRP野比 京浜急行電鉄 1998
0%
No matching quizzes found
Score Distribution
Percent of People with Each Score
Percentile by Number Answered
Your Score History
You have not taken this quiz